Toutes les communes de Normandie sur une carte - Statistiques

Statistiques générales
  • Ce quiz a été pris 5 802 fois
    4 814 depuis la dernière actualisation
  • Le résultat moyen est 154 sur 2644
Réponses sur la Carte
Les réponses sont colorées sur une échelle allant du rouge au vert en fonction du pourcentage des utilisateurs qui les ont devinées à leur premier essai. Vous pouvez retrouver ces pourcentages ci-dessous.
 
Statistiques - réponses
département Ville Population % Correct
14 - Calvados Caen 107 250
87%
76 - Seine-Maritime Le Havre 165 830
82%
76 - Seine-Maritime Rouen 114 187
80%
50 - Manche Cherbourg-en-Cotentin 77 808
73%
61 - Orne Sai 227
70%
50 - Manche Port-Bail-sur-Mer 2 534
57%
50 - Manche Saint-Lô 19 373
56%
14 - Calvados Deauville 3 567
55%
27 - Eure Évreux 46 869
55%
14 - Calvados Souleuvre en Bocage 8 848
52%
50 - Manche Avranches 10 240
49%
76 - Seine-Maritime Dieppe 28 091
49%
27 - Eure Mesnil-en-Ouche 4 484
49%
61 - Orne Alençon 25 555
47%
14 - Calvados Livarot-Pays-d'Auge 6 183
47%
14 - Calvados Condé-en-Normandie 6 296
46%
14 - Calvados Honfleur 6 742
45%
14 - Calvados Saint-Pierre-en-Auge 7 325
45%
14 - Calvados Bayeux 12 640
43%
61 - Orne Perche en Nocé 2 001
43%
14 - Calvados Valorbiquet 2 517
42%
76 - Seine-Maritime Étretat 1 238
41%
27 - Eure La Chapelle-Longueville 3 319
41%
14 - Calvados Le Bô 125
41%
76 - Seine-Maritime Petit-Caux 9 654
41%
76 - Seine-Maritime Terres-de-Caux 4 205
41%
50 - Manche Tréauville 736
41%
76 - Seine-Maritime Trouville 625
41%
27 - Eure Trouville-la-Haule 756
41%
14 - Calvados Trouville-sur-Mer 4 603
41%
61 - Orne Gouffern en Auge 3 660
40%
14 - Calvados Lisieux 19 755
40%
50 - Manche Mortain-Bocage 2 943
39%
14 - Calvados Saint-Pierre-Azif 162
39%
76 - Seine-Maritime Saint-Pierre-Bénouville 379
39%
14 - Calvados Saint-Pierre-Canivet 459
39%
50 - Manche Saint-Pierre-d'Arthéglise 164
39%
27 - Eure Saint-Pierre-de-Bailleul 977
39%
27 - Eure Saint-Pierre-de-Cernières 239
39%
27 - Eure Saint-Pierre-de-Cormeilles 589
39%
50 - Manche Saint-Pierre-de-Coutances 404
39%
76 - Seine-Maritime Saint-Pierre-de-Manneville 885
39%
61 - Orne Saint-Pierre-d'Entremont 659
39%
27 - Eure Saint-Pierre-de-Salerne 244
39%
50 - Manche Saint-Pierre-de-Semilly 437
39%
27 - Eure Saint-Pierre-des-Fleurs 1 634
39%
14 - Calvados Saint-Pierre-des-Ifs 454
39%
27 - Eure Saint-Pierre-des-Ifs 272
39%
76 - Seine-Maritime Saint-Pierre-des-Jonquières 74
39%
61 - Orne Saint-Pierre-des-Loges 158
39%
76 - Seine-Maritime Saint-Pierre-de-Varengeville 2 290
39%
27 - Eure Saint-Pierre-du-Bosguérard 995
39%
14 - Calvados Saint-Pierre-du-Bû 464
39%
14 - Calvados Saint-Pierre-du-Fresne 188
39%
14 - Calvados Saint-Pierre-du-Jonquet 273
39%
14 - Calvados Saint-Pierre-du-Mont 77
39%
61 - Orne Saint-Pierre-du-Regard 1 358
39%
27 - Eure Saint-Pierre-du-Val 589
39%
27 - Eure Saint-Pierre-du-Vauvray 1 240
39%
50 - Manche Saint-Pierre-Église 1 822
39%
76 - Seine-Maritime Saint-Pierre-en-Port 826
39%
76 - Seine-Maritime Saint-Pierre-en-Val 1 087
39%
61 - Orne Saint-Pierre-la-Bruyère 433
39%
27 - Eure Saint-Pierre-la-Garenne 918
39%
50 - Manche Saint-Pierre-Langers 626
39%
76 - Seine-Maritime Saint-Pierre-lès-Elbeuf 8 251
39%
76 - Seine-Maritime Saint-Pierre-le-Vieux 194
39%
76 - Seine-Maritime Saint-Pierre-le-Viger 265
39%
50 - Manche Granville 12 581
38%
14 - Calvados Les Monts d'Aunay 4 595
38%
50 - Manche Saint-Sauveur-Villages 3 362
38%
14 - Calvados Vire Normandie 16 935
38%
27 - Eure Le Mesnil-Saint-Jean 202
37%
50 - Manche Saint-Jean-d'Elle 2 532
37%
50 - Manche La Hague 11 223
36%
27 - Eure Sainte-Marie-d'Attez 591
36%
61 - Orne Monts-sur-Orne 873
35%
50 - Manche Saint-Jean-le-Thomas 389
35%
14 - Calvados Terres de Druance 903
35%
61 - Orne Tinchebray-Bocage 4 884
35%
50 - Manche Saint-Jean-de-Daye 633
34%
76 - Seine-Maritime Saint-Jean-de-Folleville 811
34%
50 - Manche Saint-Jean-de-la-Haize 541
34%
76 - Seine-Maritime Saint-Jean-de-la-Neuville 624
34%
50 - Manche Saint-Jean-de-la-Rivière 362
34%
14 - Calvados Saint-Jean-de-Livet 242
34%
50 - Manche Saint-Jean-de-Savigny 431
34%
50 - Manche Saint-Jean-des-Champs 1 496
34%
76 - Seine-Maritime Saint-Jean-du-Cardonnay 1 338
34%
50 - Manche Saint-Jean-du-Corail-des-Bois 75
34%
27 - Eure Saint-Jean-du-Thenney 237
34%
50 - Manche Ver 381
34%
14 - Calvados Ver-sur-Mer 1 648
34%
61 - Orne La Ferté-en-Ouche 2 993
33%
14 - Calvados Le Hom 3 599
33%
50 - Manche Saint-Hilaire-du-Harcouët 5 747
33%
50 - Manche Bricquebec-en-Cotentin 5 867
32%
14 - Calvados Ouistreham 9 438
32%
76 - Seine-Maritime Fécamp 18 054
31%
50 - Manche Le Teilleul 1 677
31%
14 - Calvados Saint-Martin-de-May 4 532
31%
14 - Calvados Cabourg 3 511
30%
27 - Eure Mesnils-sur-Iton 6 149
30%
76 - Seine-Maritime Sainte-Marie-au-Bosc 367
30%
76 - Seine-Maritime Sainte-Marie-des-Champs 1 576
30%
27 - Eure Sainte-Marie-de-Vatimesnil 280
30%
50 - Manche Sainte-Marie-du-Mont 703
30%
61 - Orne Sainte-Marie-la-Robert 88
30%
14 - Calvados Sainte-Marie-Outre-l'Eau 125
30%
76 - Seine-Maritime Saint Martin de l'If 1 728
30%
50 - Manche Montjoie-Saint-Martin 245
29%
76 - Seine-Maritime Saint-Martin-au-Bosc 262
29%
76 - Seine-Maritime Saint-Martin-aux-Arbres 316
29%
76 - Seine-Maritime Saint-Martin-aux-Buneaux 646
29%
14 - Calvados Saint-Martin-aux-Chartrains 425
29%
50 - Manche Saint-Martin-d'Aubigny 606
29%
50 - Manche Saint-Martin-d'Audouville 145
29%
14 - Calvados Saint-Martin-de-Bienfaite-la-Cressonnière 467
29%
14 - Calvados Saint-Martin-de-Blagny 125
29%
50 - Manche Saint-Martin-de-Bonfossé 533
29%
76 - Seine-Maritime Saint-Martin-de-Boscherville 1 536
29%
50 - Manche Saint-Martin-de-Cenilly 196
29%
61 - Orne Saint-Martin-d'Écublei 636
29%
14 - Calvados Saint-Martin-de-la-Lieue 776
29%
14 - Calvados Saint-Martin-de-Mailloc 947
29%
14 - Calvados Saint-Martin-de-Mieux 393
29%
14 - Calvados Saint-Martin-des-Entrées 714
29%
61 - Orne Saint-Martin-des-Landes 187
29%
61 - Orne Saint-Martin-des-Pézerits 129
29%
50 - Manche Saint-Martin-de-Varreville 168
29%
76 - Seine-Maritime Saint-Martin-du-Bec 637
29%
76 - Seine-Maritime Saint-Martin-du-Manoir 1 460
29%
27 - Eure Saint-Martin-du-Tilleul 247
29%
61 - Orne Saint-Martin-du-Vieux-Bellême 546
29%
76 - Seine-Maritime Saint-Martin-du-Vivier 1 675
29%
27 - Eure Saint-Martin-la-Campagne 102
29%
61 - Orne Saint-Martin-l'Aiguillon 189
29%
50 - Manche Saint-Martin-le-Bouillant 322
29%
76 - Seine-Maritime Saint-Martin-le-Gaillard 284
29%
50 - Manche Saint-Martin-le-Gréard 604
29%
76 - Seine-Maritime Saint-Martin-l'Hortier 272
29%
76 - Seine-Maritime Saint-Martin-Osmonville 1 183
29%
27 - Eure Saint-Martin-Saint-Firmin 336
29%
14 - Calvados Val de Drôme 881
29%
50 - Manche Carentan-les-Marais 10 220
28%
27 - Eure Pont-Audemer 9 891
28%
27 - Eure Treis-Sants-en-Ouche 1 386
28%
61 - Orne Bagnoles de l'Orne Normandie 2 704
27%
76 - Seine-Maritime Le Grand-Quevilly 26 034
27%
76 - Seine-Maritime Le Petit-Quevilly 21 997
27%
76 - Seine-Maritime Saint-Étienne-du-Rouvray 28 331
27%
27 - Eure Saint-Étienne-du-Vauvray 872
27%
27 - Eure Saint-Étienne-l'Allier 541
27%
14 - Calvados Saint-Étienne-la-Thillaye 381
27%
27 - Eure Saint-Étienne-sous-Bailleul 386
27%
50 - Manche Coutances 8 353
26%
50 - Manche Le Mont-Saint-Michel 25
26%
61 - Orne Saint-Paul 673
26%
27 - Eure Saint-Paul-de-Fourques 277
26%
14 - Calvados Saint-Paul-du-Vernay 832
26%
27 - Eure Vernon 24 056
25%
14 - Calvados Hérouville-Saint-Clair 22 150
24%
50 - Manche Saint-Michel-de-Montjoie 338
24%
76 - Seine-Maritime Saint-Michel-d'Halescourt 116
24%
61 - Orne Saint-Michel-Tubœuf 583
24%
14 - Calvados Tour-en-Bessin 674
24%
14 - Calvados Val-de-Vie 518
24%
76 - Seine-Maritime Elbeuf 16 087
23%
76 - Seine-Maritime Elbeuf-en-Bray 401
23%
76 - Seine-Maritime Elbeuf-sur-Andelle 475
23%
14 - Calvados Mézidon Vallée d'Auge 9 624
23%
61 - Orne Argentan 13 291
22%
76 - Seine-Maritime Eu 6 653
22%
14 - Calvados Falaise 7 849
22%
76 - Seine-Maritime Yvetot 11 280
22%
61 - Orne Flers 14 482
21%
50 - Manche Sainte-Mère-Église 2 965
21%
14 - Calvados Aurseulles 1 899
20%
76 - Seine-Maritime Saint-Aubin-Celloville 1 180
20%
61 - Orne Saint-Aubin-d'Appenai 413
20%
14 - Calvados Saint-Aubin-d'Arquenay 1 122
20%
61 - Orne Saint-Aubin-de-Bonneval 131
20%
61 - Orne Saint-Aubin-de-Courteraie 130
20%
76 - Seine-Maritime Saint-Aubin-de-Crétot 505
20%
27 - Eure Saint-Aubin-d'Écrosville 735
20%
14 - Calvados Saint-Aubin-des-Bois 226
20%
27 - Eure Saint-Aubin-de-Scellon 335
20%
50 - Manche Saint-Aubin-des-Préaux 461
20%
50 - Manche Saint-Aubin-de-Terregatte 648
20%
27 - Eure Saint-Aubin-du-Thenney 370
20%
76 - Seine-Maritime Saint-Aubin-Épinay 1 020
20%
76 - Seine-Maritime Saint-Aubin-le-Cauf 838
20%
76 - Seine-Maritime Saint-Aubin-lès-Elbeuf 8 428
20%
76 - Seine-Maritime Saint-Aubin-Routot 1 935
20%
27 - Eure Saint-Aubin-sur-Gaillon 2 171
20%
14 - Calvados Saint-Aubin-sur-Mer 2 162
20%
76 - Seine-Maritime Saint-Aubin-sur-Mer 163
20%
27 - Eure Saint-Aubin-sur-Quillebeuf 758
20%
76 - Seine-Maritime Saint-Aubin-sur-Scie 1 200
20%
50 - Manche Sotteville 477
20%
76 - Seine-Maritime Sotteville-lès-Rouen 29 071
20%
76 - Seine-Maritime Sotteville-sous-le-Val 749
20%
76 - Seine-Maritime Sotteville-sur-Mer 399
20%
14 - Calvados Villers-Bocage 3 147
20%
14 - Calvados Villers-Canivet 740
20%
76 - Seine-Maritime Villers-Écalles 1 753
20%
27 - Eure Villers-en-Vexin 312
20%
76 - Seine-Maritime Villers-sous-Foucarmont 184
20%
27 - Eure Villers-sur-le-Roule 865
20%
14 - Calvados Villers-sur-Mer 2 507
20%
14 - Calvados Isigny-sur-Mer 3 590
19%
61 - Orne Juvigny Val d'Andaine 2 114
19%
50 - Manche La Haye 3 971
19%
27 - Eure Marbois 1 321
19%
61 - Orne Saint-Germain-d'Aunay 125
19%
61 - Orne Saint-Germain-de-Clairefeuille 132
19%
27 - Eure Saint-Germain-de-Fresney 202
19%
61 - Orne Saint-Germain-de-la-Coudre 823
19%
14 - Calvados Saint-Germain-de-Livet 718
19%
50 - Manche Saint-Germain-d'Elle 214
19%
61 - Orne Saint-Germain-de-Martigny 82
19%
27 - Eure Saint-Germain-de-Pasquier 122
19%
27 - Eure Saint-Germain-des-Angles 168
19%
76 - Seine-Maritime Saint-Germain-des-Essourts 383
19%
61 - Orne Saint-Germain-des-Grois 215
19%
76 - Seine-Maritime Saint-Germain-d'Étables 239
19%
50 - Manche Saint-Germain-de-Tournebut 419
19%
50 - Manche Saint-Germain-de-Varreville 109
19%
61 - Orne Saint-Germain-du-Corbéis 3 693
19%
14 - Calvados Saint-Germain-du-Pert 157
19%
14 - Calvados Saint-Germain-la-Blanche-Herbe 2 405
19%
27 - Eure Saint-Germain-la-Campagne 864
19%
14 - Calvados Saint-Germain-Langot 343
19%
50 - Manche Saint-Germain-le-Gaillard 782
19%
14 - Calvados Saint-Germain-le-Vasson 957
19%
61 - Orne Saint-Germain-le-Vieux 62
19%
76 - Seine-Maritime Saint-Germain-sous-Cailly 331
19%
27 - Eure Saint-Germain-sur-Avre 1 179
19%
50 - Manche Saint-Germain-sur-Ay 908
19%
76 - Seine-Maritime Saint-Germain-sur-Eaulne 219
19%
50 - Manche Saint-Germain-sur-Sèves 168
19%
27 - Eure Bernay 9 654
18%
14 - Calvados Cambremer 1 322
18%
14 - Calvados Pont-l'Évêque 4 790
18%
76 - Seine-Maritime Saint-Jacques-d'Aliermont 341
18%
50 - Manche Saint-Jacques-de-Néhou 625
18%
76 - Seine-Maritime Saint-Jacques-sur-Darnétal 3 108
18%
61 - Orne Camembert 169
17%
14 - Calvados Ifs 11 902
17%
50 - Manche Le Mesnil 220
17%
76 - Seine-Maritime Les Ifs 71
17%
76 - Seine-Maritime Le Tréport 4 441
17%
50 - Manche Saint-André-de-Bohon 366
17%
61 - Orne Saint-André-de-Briouze 173
17%
50 - Manche Saint-André-de-l'Épine 550
17%
27 - Eure Saint-André-de-l'Eure 4 055
17%
61 - Orne Saint-André-de-Messei 527
17%
14 - Calvados Saint-André-d'Hébertot 451
17%
76 - Seine-Maritime Saint-André-sur-Cailly 821
17%
14 - Calvados Saint-André-sur-Orne 1 814
17%
76 - Seine-Maritime Saint-Denis-d'Aclon 123
17%
27 - Eure Saint-Denis-d'Augerons 80
17%
14 - Calvados Saint-Denis-de-Mailloc 306
17%
14 - Calvados Saint-Denis-de-Méré 771
17%
27 - Eure Saint-Denis-des-Monts 204
17%
27 - Eure Saint-Denis-le-Ferment 491
17%
50 - Manche Saint-Denis-le-Gast 525
17%
76 - Seine-Maritime Saint-Denis-le-Thiboult 498
17%
50 - Manche Saint-Denis-le-Vêtu 621
17%
61 - Orne Saint-Denis-sur-Huisne 59
17%
61 - Orne Saint-Denis-sur-Sarthon 1 101
17%
76 - Seine-Maritime Saint-Denis-sur-Scie 701
17%
14 - Calvados Valdallière 5 735
17%
14 - Calvados Arromanches-les-Bains 465
16%
50 - Manche Barfleur 546
16%
14 - Calvados Condé-sur-Ifs 434
16%
27 - Eure Condé-sur-Risle 661
16%
61 - Orne Condé-sur-Sarthe 2 490
16%
14 - Calvados Condé-sur-Seulles 298
16%
50 - Manche Condé-sur-Vire 4 106
16%
61 - Orne L'Aigle 7 824
16%
14 - Calvados Mondeville 10 054
16%
50 - Manche Octeville-l'Avenel 229
16%
76 - Seine-Maritime Octeville-sur-Mer 6 070
16%
61 - Orne Sablons sur Huisne 1 983
16%
76 - Seine-Maritime Saint-Laurent-de-Brèvedent 1 491
16%
14 - Calvados Saint-Laurent-de-Condel 507
16%
50 - Manche Saint-Laurent-de-Cuves 493
16%
27 - Eure Saint-Laurent-des-Bois 246
16%
50 - Manche Saint-Laurent-de-Terregatte 654
16%
27 - Eure Saint-Laurent-du-Tencement 65
16%
76 - Seine-Maritime Saint-Laurent-en-Caux 763
16%
14 - Calvados Saint-Laurent-sur-Mer 260
16%
50 - Manche Terre-et-Marais 1 304
16%
14 - Calvados Thue et Mue 6 150
16%
76 - Seine-Maritime Harfleur 8 333
15%
50 - Manche La Barre-de-Semilly 1 034
15%
27 - Eure Les Andelys 8 055
15%
14 - Calvados Luc-sur-Mer 3 241
15%
76 - Seine-Maritime Mont-Saint-Aignan 19 686
15%
61 - Orne Saint-Georges-d'Annebecq 162
15%
50 - Manche Saint-Georges-de-la-Rivière 263
15%
50 - Manche Saint-Georges-de-Livoye 206
15%
50 - Manche Saint-Georges-d'Elle 381
15%
50 - Manche Saint-Georges-de-Rouelley 542
15%
61 - Orne Saint-Georges-des-Groseillers 3 164
15%
27 - Eure Saint-Georges-du-Vièvre 889
15%
50 - Manche Saint-Georges-Montcocq 974
15%
27 - Eure Saint-Georges-Motel 879
15%
76 - Seine-Maritime Saint-Georges-sur-Fontaine 912
15%
27 - Eure Saint-Luc 249
15%
14 - Calvados Saint-Vaast-en-Auge 101
15%
50 - Manche Saint-Vaast-la-Hougue 1 684
15%
14 - Calvados Saint-Vaast-sur-Seulles 157
15%
76 - Seine-Maritime Arelaune-en-Seine 2 524
14%
50 - Manche Barneville-Carteret 2 191
14%
27 - Eure Giverny 486
14%
14 - Calvados Houlgate 1 689
14%
27 - Eure Le Bosc du Theil 1 300
14%
14 - Calvados Le Bû-sur-Rouvres 113
14%
61 - Orne Mortagne-au-Perche 3 815
14%
61 - Orne Mortrée 1 134
14%
76 - Seine-Maritime Neufchâtel-en-Bray 4 646
14%
76 - Seine-Maritime Saint-Valery-en-Caux 3 906
14%
14 - Calvados Tourville-en-Auge 246
14%
27 - Eure Tourville-la-Campagne 1 127
14%
76 - Seine-Maritime Tourville-la-Rivière 2 562
14%
76 - Seine-Maritime Tourville-les-Ifs 722
14%
76 - Seine-Maritime Tourville-sur-Arques 1 200
14%
14 - Calvados Tourville-sur-Odon 1 115
14%
27 - Eure Tourville-sur-Pont-Audemer 731
14%
50 - Manche Tourville-sur-Sienne 773
14%
14 - Calvados Barneville-la-Bertran 123
13%
27 - Eure Barneville-sur-Seine 517
13%
61 - Orne Écouché-les-Vallées 2 197
13%
27 - Eure Louviers 18 636
13%
76 - Seine-Maritime Sainte-Adresse 7 216
13%
61 - Orne Saint-Hilaire-de-Briouze 305
13%
61 - Orne Saint-Hilaire-le-Châtel 661
13%
61 - Orne Saint-Hilaire-sur-Erre 501
13%
61 - Orne Saint-Hilaire-sur-Risle 299
13%
50 - Manche Saint-Malo-de-la-Lande 469
13%
76 - Seine-Maritime Saint-Nicolas-d'Aliermont 3 718
13%
76 - Seine-Maritime Saint-Nicolas-de-la-Haie 414
13%
76 - Seine-Maritime Saint-Nicolas-de-la-Taille 1 649
13%
50 - Manche Saint-Nicolas-de-Pierrepont 301
13%
50 - Manche Saint-Nicolas-des-Bois 85
13%
61 - Orne Saint-Nicolas-des-Bois 283
13%
61 - Orne Saint-Nicolas-de-Sommaire 270
13%
76 - Seine-Maritime Saint-Vaast-d'Équiqueville 762
13%
76 - Seine-Maritime Saint-Vaast-Dieppedalle 372
13%
76 - Seine-Maritime Saint-Vaast-du-Val 466
13%
50 - Manche Valognes 6 791
13%
61 - Orne Villedieu-lès-Bailleul 211
13%
50 - Manche Villedieu-les-Poêles-Rouffigny 3 851
13%
76 - Seine-Maritime Barentin 12 239
12%
61 - Orne Belforêt-en-Perche 1 491
12%
76 - Seine-Maritime Beuzeville-la-Grenier 1 253
12%
76 - Seine-Maritime Beuzeville-la-Guérard 231
12%
76 - Seine-Maritime Bois-Guillaume 14 378
12%
76 - Seine-Maritime Bolbec 11 551
12%
50 - Manche Bretteville 1 014
12%
76 - Seine-Maritime Bretteville-du-Grand-Caux 1 366
12%
14 - Calvados Bretteville-le-Rabet 303
12%
76 - Seine-Maritime Bretteville-Saint-Laurent 157
12%
50 - Manche Bretteville-sur-Ay 427
12%
14 - Calvados Bretteville-sur-Laize 1 912
12%
14 - Calvados Bretteville-sur-Odon 4 069
12%
76 - Seine-Maritime Colleville 765
12%
14 - Calvados Colleville-Montgomery 2 546
12%
14 - Calvados Colleville-sur-Mer 184
12%
14 - Calvados Courseulles-sur-Mer 4 185
12%
14 - Calvados Creully sur Seulles 2 260
12%
14 - Calvados Dives-sur-Mer 5 234
12%
50 - Manche Fleury 1 070
12%
27 - Eure Fleury-la-Forêt 269
12%
27 - Eure Fleury-sur-Andelle 1 826
12%
14 - Calvados Fleury-sur-Orne 4 981
12%
76 - Seine-Maritime Fontaine-en-Bray 172
12%
14 - Calvados Fontaine-Étoupefour 2 682
12%
14 - Calvados Fontaine-Henry 494
12%
76 - Seine-Maritime Fontaine-la-Mallet 2 637
12%
76 - Seine-Maritime Fontaine-le-Bourg 1 817
12%
76 - Seine-Maritime Fontaine-le-Dun 893
12%
14 - Calvados Fontaine-le-Pin 355
12%
61 - Orne Fontaine-les-Bassets 111
12%
76 - Seine-Maritime Fontaine-sous-Préaux 558
12%
27 - Eure Gisors 11 863
12%
76 - Seine-Maritime Grand-Couronne 9 731
12%
27 - Eure Le Perrey 1 236
12%
61 - Orne Longny les Villages 2 878
12%
61 - Orne L'Orée-d'Écouves 752
12%
61 - Orne Ri 156
12%
61 - Orne Rives d'Andaine 2 924
12%
76 - Seine-Maritime Rives-en-Seine 4 092
12%
27 - Eure Saint-Julien-de-la-Liègue 418
12%
14 - Calvados Saint-Julien-sur-Calonne 167
12%
61 - Orne Saint-Julien-sur-Sarthe 687
12%
76 - Seine-Maritime Saint-Vincent-Cramesnil 695
12%
27 - Eure Saint-Vincent-des-Bois 335
12%
27 - Eure Saint-Vincent-du-Boulay 376
12%
14 - Calvados Seulline 1 310
12%
27 - Eure Val-de-Reuil 12 702
12%
27 - Eure Amfreville-Saint-Amand 1 197
11%
27 - Eure Beuzeville 4 682
11%
76 - Seine-Maritime Bréauté 1 367
11%
61 - Orne Cour-Maugis sur Huisne 584
11%
76 - Seine-Maritime Darnétal 9 780
11%
50 - Manche Flamanville 1 724
11%
76 - Seine-Maritime Flamanville 476
11%
50 - Manche Gonfreville 162
11%
76 - Seine-Maritime Gonfreville-Caillot 385
11%
76 - Seine-Maritime Gonfreville-l'Orcher 9 042
11%
61 - Orne La Chapelle-au-Moine 589
11%
27 - Eure La Chapelle-Bayvel 382
11%
61 - Orne La Chapelle-Biche 532
11%
27 - Eure La Chapelle-du-Bois-des-Faulx 693
11%
76 - Seine-Maritime La Chapelle-du-Bourgay 112
11%
27 - Eure La Chapelle-Gauthier 410
11%
27 - Eure La Chapelle-Hareng 117
11%
61 - Orne La Chapelle-Montligeon 513
11%
61 - Orne La Chapelle-près-Sées 475
11%
76 - Seine-Maritime La Chapelle-Saint-Ouen 137
11%
61 - Orne La Chapelle-Souëf 243
11%
76 - Seine-Maritime La Chapelle-sur-Dun 159
11%
61 - Orne La Chapelle-Viel 289
11%
14 - Calvados Lion-sur-Mer 2 499
11%
14 - Calvados Merville-Franceville-Plage 2 195
11%
76 - Seine-Maritime Notre-Dame-d'Aliermont 754
11%
76 - Seine-Maritime Notre-Dame-de-Bliquetuit 808
11%
76 - Seine-Maritime Notre-Dame-de-Bondeville 6 966
11%
50 - Manche Notre-Dame-de-Cenilly 626
11%
14 - Calvados Notre-Dame-de-Livaye 111
11%
50 - Manche Notre-Dame-de-Livoye 162
11%
14 - Calvados Notre-Dame-d'Estrées-Corbon 201
11%
76 - Seine-Maritime Notre-Dame-du-Bec 449
11%
76 - Seine-Maritime Notre-Dame-du-Parc 190
11%
76 - Seine-Maritime Petit-Couronne 8 732
11%
27 - Eure Saint-Ouen-de-Pontcheuil 101
11%
61 - Orne Saint-Ouen-de-Sécherouvre 166
11%
27 - Eure Saint-Ouen-de-Thouberville 2 452
11%
76 - Seine-Maritime Saint-Ouen-du-Breuil 816
11%
14 - Calvados Saint-Ouen-du-Mesnil-Oger 209
11%
27 - Eure Saint-Ouen-du-Tilleul 1 747
11%
61 - Orne Saint-Ouen-le-Brisoult 122
11%
76 - Seine-Maritime Saint-Ouen-le-Mauger 278
11%
14 - Calvados Saint-Ouen-le-Pin 257
11%
76 - Seine-Maritime Saint-Ouen-sous-Bailly 227
11%
61 - Orne Saint-Ouen-sur-Iton 827
11%
61 - Orne Saint-Quentin-de-Blavou 75
11%
61 - Orne Saint-Quentin-les-Chardonnets 316
11%
50 - Manche Saint-Quentin-sur-le-Homme 1 371
11%
61 - Orne Saint-Sauveur-de-Carrouges 243
11%
76 - Seine-Maritime Saint-Sauveur-d'Émalleville 1 226
11%
50 - Manche Saint-Sauveur-de-Pierrepont 117
11%
50 - Manche Saint-Sauveur-la-Pommeraye 404
11%
50 - Manche Saint-Sauveur-le-Vicomte 2 062
11%
76 - Seine-Maritime Tancarville 1 233
11%
27 - Eure Verneuil d'Avre et d'Iton 7 374
11%
27 - Eure Vexin-sur-Epte 5 964
11%
14 - Calvados Beaumont-en-Auge 409
10%
76 - Seine-Maritime Beaumont-le-Hareng 264
10%
27 - Eure Beaumont-le-Roger 2 791
10%
76 - Seine-Maritime Blainville-Crevon 1 227
10%
50 - Manche Blainville-sur-Mer 1 606
10%
14 - Calvados Blainville-sur-Orne 5 761
10%
76 - Seine-Maritime Canteleu 13 807
10%
50 - Manche La Colombe 628
10%
61 - Orne La Ferté Macé 5 116
10%
76 - Seine-Maritime La Ferté-Saint-Samson 450
10%
76 - Seine-Maritime La Haye 368
10%
27 - Eure La Haye-Aubrée 453
10%
27 - Eure La Haye-de-Calleville 256
10%
50 - Manche La Haye-d'Ectot 285
10%
27 - Eure La Haye-de-Routot 300
10%
27 - Eure La Haye-du-Theil 309
10%
27 - Eure La Haye-le-Comte 136
10%
27 - Eure La Haye-Malherbe 1 388
10%
27 - Eure La Haye-Saint-Sylvestre 286
10%
76 - Seine-Maritime La Neuville-Chant-d'Oisel 2 378
10%
61 - Orne Le Pin-au-Haras 263
10%
61 - Orne Le Pin-la-Garenne 626
10%
14 - Calvados Le Pré-d'Auge 858
10%
76 - Seine-Maritime Maromme 10 845
10%
76 - Seine-Maritime Oissel 12 266
10%
50 - Manche Picauville 3 237
10%
50 - Manche Pontorson 4 334
10%
76 - Seine-Maritime Port-Jérôme-sur-Seine 10 264
10%
27 - Eure Saint-Marcel 4 412
10%
14 - Calvados Saint-Rémy 985
10%
76 - Seine-Maritime Saint-Rémy-Boscrocourt 797
10%
61 - Orne Sées 4 191
10%
61 - Orne Tourouvre au Perche 3 023
10%
76 - Seine-Maritime Veules-les-Roses 523
10%
50 - Manche Agon-Coutainville 2 941
9%
14 - Calvados Amfreville 1 378
9%
76 - Seine-Maritime Amfreville-la-Mi-Voie 3 299
9%
27 - Eure Amfreville-les-Champs 443
9%
76 - Seine-Maritime Amfreville-les-Champs 179
9%
27 - Eure Amfreville-sous-les-Monts 488
9%
27 - Eure Amfreville-sur-Iton 859
9%
61 - Orne Aube 1 247
9%
14 - Calvados Belle Vie en Auge 543
9%
61 - Orne Boischampré 1 181
9%
76 - Seine-Maritime Caudebec-lès-Elbeuf 9 996
9%
27 - Eure Château-sur-Epte 559
9%
14 - Calvados Douvres-la-Délivrande 5 076
9%
61 - Orne Écouves 1 664
9%
50 - Manche Jullouville 2 382
9%
76 - Seine-Maritime La Crique 336
9%
27 - Eure La Neuville-du-Bosc 719
9%
76 - Seine-Maritime Montivilliers 15 500
9%
76 - Seine-Maritime Neuville-Ferrières 559
9%
76 - Seine-Maritime Saint-Antoine-la-Forêt 1 093
9%
27 - Eure Saint-Benoît-des-Ombres 141
9%
14 - Calvados Saint-Benoît-d'Hébertot 441
9%
61 - Orne Saint-Christophe-de-Chaulieu 92
9%
50 - Manche Saint-Christophe-du-Foc 414
9%
27 - Eure Saint-Christophe-sur-Avre 136
9%
27 - Eure Saint-Christophe-sur-Condé 439
9%
50 - Manche Saint-James 4 890
9%
50 - Manche Saint-Maur-des-Bois 155
9%
76 - Seine-Maritime Saint-Romain-de-Colbosc 4 355
9%
61 - Orne Val-au-Perche 3 369
9%
14 - Calvados Bénouville 2 039
8%
76 - Seine-Maritime Bénouville 182
8%
14 - Calvados Carpiquet 3 137
8%
61 - Orne Chailloué 893
8%
61 - Orne Domfront en Poiraie 4 155
8%
76 - Seine-Maritime Fontenay 1 664
8%
14 - Calvados Fontenay-le-Marmion 1 946
8%
14 - Calvados Fontenay-le-Pesnel 1 197
8%
50 - Manche Fontenay-sur-Mer 166
8%
27 - Eure Gaillon 6 833
8%
50 - Manche Gonneville-Le Theil 1 508
8%
76 - Seine-Maritime Gournay-en-Bray 6 027
8%
27 - Eure Gournay-le-Guérin 124
8%
50 - Manche Gouville-sur-Mer 3 254
8%
50 - Manche Les Pieux 3 253
8%
76 - Seine-Maritime Lillebonne 8 761
8%
50 - Manche Neuville-au-Plain 86
8%
50 - Manche Neuville-en-Beaumont 26
8%
27 - Eure Neuville-sur-Authou 194
8%
61 - Orne Neuville-sur-Touques 232
8%
14 - Calvados Noues de Sienne 4 326
8%
27 - Eure Pacy-sur-Eure 5 042
8%
14 - Calvados Port-en-Bessin-Huppain 1 921
8%
61 - Orne Putanges-le-Lac 2 125
8%
50 - Manche Romagny Fontenay 1 259
8%
61 - Orne Saint-Clair-de-Halouze 835
8%
50 - Manche Saint-Clair-sur-l'Elle 975
8%
76 - Seine-Maritime Saint-Clair-sur-les-Monts 611
8%
50 - Manche Saint-Gilles 985
8%
76 - Seine-Maritime Saint-Gilles-de-Crétot 400
8%
76 - Seine-Maritime Saint-Gilles-de-la-Neuville 644
8%
61 - Orne Saint-Gilles-des-Marais 106
8%
27 - Eure Villiers-en-Désœuvre 908
8%
61 - Orne Villiers-sous-Mortagne 255
8%
14 - Calvados Biéville-Beuville 3 646
7%
76 - Seine-Maritime Bihorel 8 197
7%
50 - Manche Céaux 412
7%
61 - Orne Charencey 762
7%
14 - Calvados Clécy 1 305
7%
14 - Calvados Colombelles 7 029
7%
27 - Eure Conches-en-Ouche 4 950
7%
76 - Seine-Maritime Déville-lès-Rouen 10 644
7%
76 - Seine-Maritime Grand-Camp 755
7%
14 - Calvados Grandcamp-Maisy 1 533
7%
76 - Seine-Maritime Jumièges 1 693
7%
14 - Calvados Le Fresne-Camilly 949
7%
27 - Eure Le Neubourg 4 254
7%
14 - Calvados Le Pin 813
7%
61 - Orne Les Monts d'Andaine 1 735
7%
27 - Eure Les Trois Lacs 1 759
7%
61 - Orne Merlerault-le-Pin 1 443
7%
27 - Eure Nassandres sur Risle 2 366
7%
27 - Eure Nogent-le-Sec 441
7%
50 - Manche Perriers-en-Beauficel 207
7%
27 - Eure Perriers-sur-Andelle 1 801
7%
76 - Seine-Maritime Ry 760
7%
50 - Manche Saint-Cyr 208
7%
27 - Eure Saint-Cyr-de-Salerne 205
7%
50 - Manche Saint-Cyr-du-Bailleul 352
7%
27 - Eure Saint-Cyr-la-Campagne 433
7%
61 - Orne Saint-Cyr-la-Rosière 233
7%
61 - Orne Sainte-Marguerite-de-Carrouges 211
7%
14 - Calvados Sainte-Marguerite-d'Elle 771
7%
76 - Seine-Maritime Sainte-Marguerite-sur-Duclair 2 027
7%
76 - Seine-Maritime Sainte-Marguerite-sur-Mer 463
7%
50 - Manche Saint-Joseph 810
7%
76 - Seine-Maritime Saint-Maurice-d'Ételan 298
7%
50 - Manche Saint-Maurice-en-Cotentin 247
7%
14 - Calvados Saint-Pair 244
7%
50 - Manche Saint-Pair-sur-Mer 4 238
7%
27 - Eure Saint-Sébastien-de-Morsent 5 561
7%
50 - Manche Saint-Sébastien-de-Raids 329
7%
14 - Calvados Touques 3 744
7%
14 - Calvados Troarn 3 435
7%
14 - Calvados Angerville 195
6%
76 - Seine-Maritime Angerville-Bailleul 186
6%
27 - Eure Angerville-la-Campagne 1 350
6%
76 - Seine-Maritime Angerville-la-Martel 1 084
6%
76 - Seine-Maritime Angerville-l'Orcher 1 400
6%
14 - Calvados Argences 3 798
6%
14 - Calvados Authie 1 666
6%
76 - Seine-Maritime Bernières 634
6%
14 - Calvados Bernières-d'Ailly 221
6%
14 - Calvados Bernières-sur-Mer 2 330
6%
50 - Manche Biéville 193
6%
14 - Calvados Blangy-le-Château 728
6%
76 - Seine-Maritime Blangy-sur-Bresle 2 882
6%
14 - Calvados Blonville-sur-Mer 1 552
6%
14 - Calvados Bons-Tassilly 401
6%
76 - Seine-Maritime Boos 3 990
6%
50 - Manche Bréhal 3 472
6%
76 - Seine-Maritime Buchy 2 820
6%
14 - Calvados Dozulé 2 314
6%
76 - Seine-Maritime Duclair 4 010
6%
14 - Calvados Épron 1 655
6%
14 - Calvados Fresné-la-Mère 580
6%
76 - Seine-Maritime Fresne-le-Plan 567
6%
50 - Manche Ger 812
6%
14 - Calvados Gonneville-en-Auge 389
6%
76 - Seine-Maritime Gonneville-la-Mallet 1 376
6%
14 - Calvados Gonneville-sur-Honfleur 873
6%
14 - Calvados Gonneville-sur-Mer 670
6%
76 - Seine-Maritime Gonneville-sur-Scie 522
6%
27 - Eure Grand-Camp 470
6%
76 - Seine-Maritime Hermanville 115
6%
14 - Calvados Hermanville-sur-Mer 3 144
6%
76 - Seine-Maritime Isneauville 3 601
6%
50 - Manche La Bonneville 180
6%
27 - Eure La Bonneville-sur-Iton 2 047
6%
14 - Calvados La Cambe 548
6%
61 - Orne La Ferrière-au-Doyen 156
6%
61 - Orne La Ferrière-aux-Étangs 1 556
6%
61 - Orne La Ferrière-Béchet 244
6%
61 - Orne La Ferrière-Bochard 719
6%
27 - Eure La Ferrière-sur-Risle 222
6%
27 - Eure Le Bec-Hellouin 402
6%
27 - Eure Le Bec-Thomas 213
6%
27 - Eure Les Monts du Roumois 1 571
6%
50 - Manche Lessay 2 248
6%
27 - Eure Le Val-Doré 888
6%
14 - Calvados Longueville 270
6%
50 - Manche Longueville 586
6%
76 - Seine-Maritime Longueville-sur-Scie 964
6%
27 - Eure Lyons-la-Forêt 709
6%
76 - Seine-Maritime Manneville-ès-Plains 307
6%
76 - Seine-Maritime Manneville-la-Goupil 1 051
6%
14 - Calvados Manneville-la-Pipard 268
6%
27 - Eure Manneville-la-Raoult 497
6%
27 - Eure Manneville-sur-Risle 1 479
6%
14 - Calvados Mathieu 2 318
6%
76 - Seine-Maritime Montville 4 593
6%
14 - Calvados Orbec 1 943
6%
61 - Orne Passais Villages 1 162
6%
50 - Manche Ponts 682
6%
27 - Eure Saint-Didier-des-Bois 890
6%
76 - Seine-Maritime Saint-Léger-aux-Bois 485
6%
27 - Eure Saint-Léger-de-Rôtes 466
6%
14 - Calvados Saint-Léger-Dubosq 224
6%
76 - Seine-Maritime Saint-Léger-du-Bourg-Denis 3 617
6%
27 - Eure Saint-Léger-du-Gennetey 177
6%
61 - Orne Saint-Léger-sur-Sarthe 308
6%
27 - Eure Saint-Vigor 316
6%
50 - Manche Saint-Vigor-des-Monts 283
6%
76 - Seine-Maritime Saint-Vigor-d'Ymonville 1 141
6%
14 - Calvados Saint-Vigor-le-Grand 2 529
6%
14 - Calvados Vieux 675
6%
14 - Calvados Villerville 591
6%
76 - Seine-Maritime Yport 718
6%
50 - Manche Agneaux 4 255
5%
27 - Eure Andé 1 304
5%
14 - Calvados Asnelles 603
5%
14 - Calvados Auberville 591
5%
76 - Seine-Maritime Auberville-la-Manuel 138
5%
76 - Seine-Maritime Auberville-la-Renault 456
5%
61 - Orne Aunay-les-Bois 140
5%
14 - Calvados Aure sur Mer 720
5%
76 - Seine-Maritime Authieux-Ratiéville 401
5%
76 - Seine-Maritime Belleville-en-Caux 742
5%
27 - Eure Bonneville-Aptot 264
5%
14 - Calvados Bonneville-la-Louvet 814
5%
14 - Calvados Bonneville-sur-Touques 321
5%
76 - Seine-Maritime Bonsecours 6 466
5%
27 - Eure Bourg-Achard 3 939
5%
27 - Eure Bourneville-Sainte-Croix 1 336
5%
27 - Eure Brionne 4 184
5%
61 - Orne Briouze 1 513
5%
14 - Calvados Cagny 2 003
5%
76 - Seine-Maritime Cany-Barville 2 997
5%
50 - Manche Carolles 755
5%
14 - Calvados Castine-en-Plaine 1 699
5%
27 - Eure Caumont 1 086
5%
14 - Calvados Caumont-sur-Aure 2 394
5%
61 - Orne Cerisy-Belle-Étoile 709
5%
76 - Seine-Maritime Clères 1 376
5%
14 - Calvados Cormelles-le-Royal 5 093
5%
14 - Calvados Cricquebœuf 267
5%
76 - Seine-Maritime Criquetot-le-Mauconduit 183
5%
76 - Seine-Maritime Criquetot-l'Esneval 2 563
5%
76 - Seine-Maritime Criquetot-sur-Longueville 218
5%
76 - Seine-Maritime Criquetot-sur-Ouville 794
5%
27 - Eure Doudeauville-en-Vexin 275
5%
14 - Calvados Évrecy 2 020
5%
76 - Seine-Maritime Forges-les-Eaux 3 750
5%
27 - Eure Franqueville 310
5%
76 - Seine-Maritime Franqueville-Saint-Pierre 6 099
5%
50 - Manche Gavray-sur-Sienne 2 004
5%
14 - Calvados Giberville 4 881
5%
14 - Calvados Grainville-Langannerie 733
5%
76 - Seine-Maritime Grainville-la-Teinturière 1 076
5%
76 - Seine-Maritime Grainville-sur-Ry 441
5%
76 - Seine-Maritime Grainville-Ymauville 430
5%
27 - Eure Grand Bourgtheroulde 4 038
5%
50 - Manche Hauteville-la-Guichard 465
5%
50 - Manche Hauteville-sur-Mer 700
5%
50 - Manche La Lande-d'Airou 533
5%
61 - Orne La Lande-de-Goult 191
5%
61 - Orne La Lande-de-Lougé 55
5%
61 - Orne La Lande-Patry 1 774
5%
27 - Eure La Lande-Saint-Léger 395
5%
61 - Orne La Lande-Saint-Siméon 161
5%
14 - Calvados Langrune-sur-Mer 1 948
5%
14 - Calvados La Rivière-Saint-Sauveur 2 551
5%
14 - Calvados Le Breuil-en-Auge 994
5%
14 - Calvados Le Breuil-en-Bessin 415
5%
14 - Calvados Le Castelet 1 716
5%
50 - Manche Le Ham 313
5%
27 - Eure Les Authieux 291
5%
14 - Calvados Les Authieux-sur-Calonne 275
5%
76 - Seine-Maritime Les Authieux-sur-le-Port-Saint-Ouen 1 254
5%
14 - Calvados Les Loges 144
5%
76 - Seine-Maritime Les Loges 1 095
5%
14 - Calvados Les Loges-Saulces 170
5%
50 - Manche Les Loges-sur-Brécey 119
5%
50 - Manche Le Val-Saint-Père 1 925
5%
14 - Calvados Lison 434
5%
14 - Calvados Louvigny 2 666
5%
76 - Seine-Maritime Malaunay 6 160
5%
14 - Calvados Montigny 99
5%
76 - Seine-Maritime Montigny 1 288
5%
61 - Orne Montreuil-au-Houlme 128
5%
14 - Calvados Montreuil-en-Auge 66
5%
76 - Seine-Maritime Montreuil-en-Caux 497
5%
61 - Orne Montreuil-la-Cambe 74
5%
27 - Eure Montreuil-l'Argillé 829
5%
50 - Manche Montreuil-sur-Lozon 340
5%
14 - Calvados Moulins-en-Bessin 1 088
5%
14 - Calvados Moult-Chicheboville 3 344
5%
76 - Seine-Maritime Pavilly 6 164
5%
50 - Manche Pirou 1 458
5%
27 - Eure Pont-de-l'Arche 4 139
5%
27 - Eure Romilly-la-Puthenaye 321
5%
27 - Eure Romilly-sur-Andelle 3 268
5%
14 - Calvados Rots 2 474
5%
14 - Calvados Saint-Arnoult 1 118
5%
76 - Seine-Maritime Saint-Arnoult 1 455
5%
14 - Calvados Saint-Contest 2 515
5%
50 - Manche Sainte-Geneviève 309
5%
76 - Seine-Maritime Sainte-Geneviève 269
5%
27 - Eure Sainte-Geneviève-lès-Gasny 660
5%
76 - Seine-Maritime Saint-Léonard 1 702
5%
61 - Orne Saint-Léonard-des-Parcs 77
5%
27 - Eure Saint-Sulpice-de-Grimbouville 154
5%
61 - Orne Saint-Sulpice-sur-Risle 1 615
5%
27 - Eure Saint-Victor-de-Chrétienville 444
5%
27 - Eure Saint-Victor-d'Épine 339
5%
76 - Seine-Maritime Saint-Victor-l'Abbaye 761
5%
27 - Eure Saint-Victor-sur-Avre 55
5%
27 - Eure Terres de Bord 1 520
5%
27 - Eure Tilly 566
5%
76 - Seine-Maritime Tôtes 1 576
5%
14 - Calvados Valambray 1 700
5%
27 - Eure Val d'Orger 993
5%
76 - Seine-Maritime Varengeville-sur-Mer 952
5%
14 - Calvados Verson 3 657
5%
50 - Manche Vicq-sur-Mer 1 072
5%
76 - Seine-Maritime Yerville 2 515
5%
76 - Seine-Maritime Ypreville-Biville 565
5%
76 - Seine-Maritime Anneville-Ambourville 1 176
4%
50 - Manche Anneville-en-Saire 383
4%
76 - Seine-Maritime Anneville-sur-Scie 425
4%
76 - Seine-Maritime Arques-la-Bataille 2 526
4%
27 - Eure Asnières 338
4%
14 - Calvados Asnières-en-Bessin 69
4%
76 - Seine-Maritime Aumale 1 963
4%
76 - Seine-Maritime Bacqueville-en-Caux 1 904
4%
61 - Orne Bailleul 609
4%
27 - Eure Bailleul-la-Vallée 100
4%
76 - Seine-Maritime Bailleul-Neuville 223
4%
14 - Calvados Balleroy-sur-Drôme 1 346
4%
14 - Calvados Bavent 1 932
4%
50 - Manche Beauvoir 439
4%
76 - Seine-Maritime Beauvoir-en-Lyons 596
4%
76 - Seine-Maritime Belbeuf 2 242
4%
61 - Orne Bellême 1 456
4%
14 - Calvados Bellengreville 1 470
4%
76 - Seine-Maritime Bellengreville 473
4%
76 - Seine-Maritime Berville-en-Caux 687
4%
27 - Eure Berville-la-Campagne 258
4%
27 - Eure Berville-sur-Mer 680
4%
76 - Seine-Maritime Berville-sur-Seine 544
4%
14 - Calvados Beuvron-en-Auge 197
4%
76 - Seine-Maritime Biville-la-Baignarde 660
4%
76 - Seine-Maritime Biville-la-Rivière 105
4%
14 - Calvados Bourguébus 2 304
4%
50 - Manche Bourgvallées 3 312
4%
27 - Eure Bray 398
4%
50 - Manche Brécey 2 159
4%
27 - Eure Breteuil 4 321
4%
14 - Calvados Bréville-les-Monts 659
4%
50 - Manche Bréville-sur-Mer 775
4%
76 - Seine-Maritime Cailly 749
4%
27 - Eure Cailly-sur-Eure 213
4%
14 - Calvados Canapville 226
4%
61 - Orne Canapville 210
4%
61 - Orne Carrouges 629
4%
14 - Calvados Cauville 169
4%
76 - Seine-Maritime Cauville-sur-Mer 1 599
4%
14 - Calvados Cesny-les-Sources 1 365
4%
76 - Seine-Maritime Cléon 4 919
4%
50 - Manche Colomby 563
4%
14 - Calvados Colomby-Anguerny 1 256
4%
27 - Eure Cormeilles 1 195
4%
50 - Manche Créances 2 091
4%
76 - Seine-Maritime Criel-sur-Mer 2 617
4%
76 - Seine-Maritime Criquebeuf-en-Caux 402
4%
14 - Calvados Cuverville 2 284
4%
27 - Eure Cuverville 250
4%
76 - Seine-Maritime Cuverville 344
4%
76 - Seine-Maritime Cuverville-sur-Yères 196
4%
14 - Calvados Démouville 3 063
4%
14 - Calvados Dialan sur Chaîne 1 027
4%
50 - Manche Donville-les-Bains 3 103
4%
76 - Seine-Maritime Doudeville 2 472
4%
50 - Manche Ducey-Les Chéris 2 828
4%
76 - Seine-Maritime Épinay-sur-Duclair 510
4%
14 - Calvados Épinay-sur-Odon 624
4%
76 - Seine-Maritime Épouville 2 638
4%
27 - Eure Ferrières-Haut-Clocher 1 162
4%
61 - Orne Ferrières-la-Verrerie 136
4%
27 - Eure Ferrières-Saint-Hilaire 416
4%
61 - Orne Gacé 1 786
4%
76 - Seine-Maritime Goderville 2 853
4%
50 - Manche Grandparigny 2 629
4%
76 - Seine-Maritime Hautot-l'Auvray 315
4%
76 - Seine-Maritime Hautot-le-Vatois 351
4%
76 - Seine-Maritime Hautot-Saint-Sulpice 688
4%
76 - Seine-Maritime Hautot-sur-Mer 1 896
4%
76 - Seine-Maritime Hautot-sur-Seine 396
4%
14 - Calvados Hérouvillette 1 349
4%
27 - Eure Ivry-la-Bataille 2 658
4%
50 - Manche Juvigny les Vallées 1 681
4%
61 - Orne Juvigny-sur-Orne 132
4%
14 - Calvados Juvigny-sur-Seulles 82
4%
76 - Seine-Maritime La Bouille 707
4%
76 - Seine-Maritime Le Houlme 4 149
4%
14 - Calvados Le Molay-Littry 3 030
4%
27 - Eure Les Préaux 393
4%
76 - Seine-Maritime Le Trait 4 831
4%
27 - Eure Le Vaudreuil 3 660
4%
14 - Calvados Magny-en-Bessin 160
4%
61 - Orne Magny-le-Désert 1 382
4%
14 - Calvados Martainville 121
4%
76 - Seine-Maritime Martainville-Épreville 716
4%
50 - Manche Martinvast 1 331
4%
50 - Manche Montebourg 2 001
4%
61 - Orne Moulins-la-Marche 729
4%
61 - Orne Moulins-sur-Orne 313
4%
27 - Eure Neuilly 186
4%
61 - Orne Neuilly-le-Bisson 284
4%
27 - Eure Nonancourt 2 260
4%
50 - Manche Percy-en-Normandie 2 614
4%
50 - Manche Périers 2 334
4%
14 - Calvados Périers-en-Auge 124
4%
14 - Calvados Périers-sur-le-Dan 566
4%
14 - Calvados Potigny 2 072
4%
76 - Seine-Maritime Préaux 1 846
4%
14 - Calvados Préaux-Bocage 126
4%
50 - Manche Quettehou 1 786
4%
76 - Seine-Maritime Quincampoix 3 102
4%
61 - Orne Rai 1 427
4%
14 - Calvados Ranville 1 962
4%
50 - Manche Réville 1 026
4%
27 - Eure Saint-Agnan-de-Cernières 166
4%
50 - Manche Saint-Amand-Villages 2 520
4%
50 - Manche Saint-Clément-Rancoudray 547
4%
76 - Seine-Maritime Sainte-Croix-sur-Buchy 688
4%
14 - Calvados Sainte-Croix-sur-Mer 239
4%
61 - Orne Sainte-Gauburge-Sainte-Colombe 1 017
4%
14 - Calvados Sainte-Honorine-de-Ducy 136
4%
14 - Calvados Sainte-Honorine-du-Fay 1 341
4%
61 - Orne Sainte-Honorine-la-Chardonne 687
4%
61 - Orne Sainte-Honorine-la-Guillaume 342
4%
14 - Calvados Saint-Gatien-des-Bois 1 345
4%
14 - Calvados Saint-Jouin 241
4%
76 - Seine-Maritime Saint-Jouin-Bruneval 1 837
4%
61 - Orne Saint-Jouin-de-Blavou 298
4%
50 - Manche Saint-Loup 678
4%
14 - Calvados Saint-Loup-Hors 555
4%
14 - Calvados Saint-Omer 189
4%
76 - Seine-Maritime Saint-Saëns 2 326
4%
14 - Calvados Saint-Sylvain 1 445
4%
76 - Seine-Maritime Saint-Sylvain 140
4%
14 - Calvados Sallen 316
4%
50 - Manche Sourdeval 3 077
4%
14 - Calvados Thaon 1 795
4%
14 - Calvados Tilly-sur-Seulles 1 766
4%
50 - Manche Torigny-les-Villes 4 439
4%
50 - Manche Tourneville-sur-Mer 1 663
4%
14 - Calvados Varaville 1 019
4%
14 - Calvados Vaux-sur-Aure 299
4%
27 - Eure Vaux-sur-Eure 268
4%
14 - Calvados Vaux-sur-Seulles 317
4%
76 - Seine-Maritime Veulettes-sur-Mer 275
4%
61 - Orne Vimoutiers 3 069
4%
14 - Calvados Ablon 1 194
3%
27 - Eure Acquigny 1 674
3%
27 - Eure Alizay 1 597
3%
76 - Seine-Maritime Allouville-Bellefosse 1 155
3%
14 - Calvados Amayé-sur-Orne 1 067
3%
14 - Calvados Amayé-sur-Seulles 224
3%
14 - Calvados Anisy 742
3%
61 - Orne Athis-Val de Rouvre 4 216
3%
14 - Calvados Aubigny 315
3%
14 - Calvados Audrieu 1 125
3%
27 - Eure Aulnay-sur-Iton 706
3%
27 - Eure Bacqueville 628
3%
76 - Seine-Maritime Bailly-en-Rivière 522
3%
14 - Calvados Banville 792
3%
50 - Manche Barenton 1 171
3%
14 - Calvados Baron-sur-Odon 1 005
3%
27 - Eure Barville 82
3%
61 - Orne Barville 177
3%
14 - Calvados Basly 1 065
3%
50 - Manche Beauchamps 434
3%
14 - Calvados Benerville-sur-Mer 420
3%
14 - Calvados Bény-sur-Mer 444
3%
76 - Seine-Maritime Bosc-le-Hard 1 567
3%
76 - Seine-Maritime Bouville 996
3%
14 - Calvados Bricqueville 155
3%
50 - Manche Bricqueville-la-Blouette 535
3%
50 - Manche Bricqueville-sur-Mer 1 266
3%
50 - Manche Brix 2 149
3%
50 - Manche Buais-Les-Monts 615
3%
14 - Calvados Cahagnes 1 400
3%
14 - Calvados Cairon 2 029
3%
14 - Calvados Cambes-en-Plaine 1 717
3%
76 - Seine-Maritime Carville-la-Folletière 424
3%
76 - Seine-Maritime Carville-Pot-de-Fer 98
3%
50 - Manche Champrepus 322
3%
27 - Eure Courcelles-sur-Seine 2 129
3%
50 - Manche Couville 1 207
3%
27 - Eure Crasville 123
3%
50 - Manche Crasville 224
3%
76 - Seine-Maritime Crasville-la-Mallet 165
3%
76 - Seine-Maritime Crasville-la-Rocquefort 209
3%
14 - Calvados Cresserons 1 099
3%
27 - Eure Criquebeuf-la-Campagne 338
3%
27 - Eure Criquebeuf-sur-Seine 1 512
3%
61 - Orne Damigny 2 406
3%
76 - Seine-Maritime Dampierre-en-Bray 444
3%
76 - Seine-Maritime Dampierre-Saint-Nicolas 453
3%
50 - Manche Digosville 1 638
3%
14 - Calvados Douville-en-Auge 214
3%
27 - Eure Douville-sur-Andelle 439
3%
76 - Seine-Maritime Épreville 1 036
3%
27 - Eure Épreville-en-Lieuvin 200
3%
27 - Eure Épreville-près-le-Neubourg 454
3%
14 - Calvados Équemauville 1 580
3%
14 - Calvados Éterville 1 644
3%
27 - Eure Étrépagny 3 703
3%
27 - Eure Fauville 351
3%
50 - Manche Fermanville 1 282
3%
27 - Eure Flancourt-Crescy-en-Roumois 1 554
3%
14 - Calvados Formigny La Bataille 744
3%
14 - Calvados Frénouville 1 981
3%
27 - Eure Fresney 320
3%
76 - Seine-Maritime Gainneville 2 495
3%
27 - Eure Gasny 3 065
3%
14 - Calvados Géfosse-Fontenay 132
3%
50 - Manche Genêts 451
3%
14 - Calvados Glos 926
3%
27 - Eure Glos-sur-Risle 604
3%
27 - Eure Gravigny 4 016
3%
14 - Calvados Grentheville 964
3%
76 - Seine-Maritime Gruchet-le-Valasse 3 123
3%
76 - Seine-Maritime Gruchet-Saint-Siméon 686
3%
50 - Manche Hambye 1 077
3%
27 - Eure Harcourt 1 096
3%
50 - Manche Héauville 460
3%
76 - Seine-Maritime Houppeville 2 918
3%
27 - Eure Incarville 1 397
3%
14 - Calvados La Roque-Baignard 115
3%
27 - Eure La Trinité 127
3%
50 - Manche La Trinité 397
3%
27 - Eure La Trinité-de-Réville 236
3%
61 - Orne La Trinité-des-Laitiers 60
3%
27 - Eure La Trinité-de-Thouberville 424
3%
76 - Seine-Maritime La Trinité-du-Mont 850
3%
76 - Seine-Maritime Le Bocasse 657
3%
27 - Eure Le Lesme 684
3%
14 - Calvados Le Manoir 211
3%
27 - Eure Le Manoir 1 311
3%
14 - Calvados Le Marais-la-Chapelle 104
3%
76 - Seine-Maritime Le Mesnil-Esnard 7 925
3%
50 - Manche Le Parc 911
3%
14 - Calvados Les Moutiers-en-Auge 129
3%
14 - Calvados Les Moutiers-en-Cinglais 515
3%
14 - Calvados Le Theil-en-Auge 193
3%
76 - Seine-Maritime Le Tilleul 686
3%
27 - Eure Le Tilleul-Lambert 262
3%
27 - Eure Le Val d'Hazey 5 248
3%
50 - Manche Le Vast 328
3%
14 - Calvados Longues-sur-Mer 585
3%
76 - Seine-Maritime Luneray 2 164
3%
14 - Calvados Malherbe-sur-Ajon 567
3%
50 - Manche Marigny-Le-Lozon 2 746
3%
27 - Eure Martainville 501
3%
76 - Seine-Maritime Martigny 419
3%
14 - Calvados Martigny-sur-l'Ante 328
3%
50 - Manche Montmartin-sur-Mer 1 405
3%
76 - Seine-Maritime Morville-le-Héron 546
3%
14 - Calvados Mouen 1 683
3%
50 - Manche Négreville 830
3%
76 - Seine-Maritime Néville 1 329
3%
14 - Calvados Nonant 505
3%
27 - Eure Normanville 1 105
3%
76 - Seine-Maritime Normanville 658
3%
76 - Seine-Maritime Offranville 3 162
3%
14 - Calvados Ouilly-du-Houley 247
3%
14 - Calvados Ouilly-le-Tesson 572
3%
14 - Calvados Ouilly-le-Vicomte 756
3%
50 - Manche Ouville 454
3%
76 - Seine-Maritime Ouville-l'Abbaye 659
3%
76 - Seine-Maritime Ouville-la-Rivière 459
3%
76 - Seine-Maritime Paluel 401
3%
14 - Calvados Petiville 547
3%
76 - Seine-Maritime Petiville 1 124
3%
14 - Calvados Pont-d'Ouilly 961
3%
27 - Eure Poses 1 143
3%
50 - Manche Quettreville-sur-Sienne 3 188
3%
76 - Seine-Maritime Quiberville 534
3%
27 - Eure Quillebeuf-sur-Seine 826
3%
50 - Manche Quinéville 262
3%
50 - Manche Regnéville-sur-Mer 733
3%
27 - Eure Routot 1 699
3%
27 - Eure Rugles 2 204
3%
76 - Seine-Maritime Saint-Aignan-sur-Ry 350
3%
50 - Manche Saint-Barthélemy 335
3%
50 - Manche Saint-Brice 133
3%
61 - Orne Saint-Brice 149
3%
50 - Manche Saint-Brice-de-Landelles 657
3%
61 - Orne Saint-Brice-sous-Rânes 134
3%
14 - Calvados Saint-Côme-de-Fresné 259
3%
14 - Calvados Saint-Désir 1 746
3%
50 - Manche Sainte-Cécile 785
3%
50 - Manche Sainte-Colombe 184
3%
76 - Seine-Maritime Sainte-Colombe 222
3%
27 - Eure Sainte-Colombe-la-Commanderie 879
3%
27 - Eure Sainte-Colombe-près-Vernon 299
3%
76 - Seine-Maritime Sainte-Hélène-Bondeville 732
3%
50 - Manche Sainte-Suzanne-sur-Vire 702
3%
61 - Orne Saint-Gervais-des-Sablons 73
3%
61 - Orne Saint-Gervais-du-Perron 351
3%
27 - Eure Saint-Grégoire-du-Vièvre 307
3%
76 - Seine-Maritime Saint-Lucien 234
3%
27 - Eure Saint-Maclou 658
3%
76 - Seine-Maritime Saint-Maclou-de-Folleville 619
3%
76 - Seine-Maritime Saint-Maclou-la-Brière 462
3%
14 - Calvados Saint-Manvieu-Norrey 2 016
3%
14 - Calvados Saint-Marcouf 90
3%
50 - Manche Saint-Marcouf 351
3%
50 - Manche Saint-Patrice-de-Claids 178
3%
61 - Orne Saint-Patrice-du-Désert 231
3%
14 - Calvados Saint-Philbert-des-Champs 655
3%
27 - Eure Saint-Philbert-sur-Boissey 173
3%
61 - Orne Saint-Philbert-sur-Orne 114
3%
27 - Eure Saint-Philbert-sur-Risle 789
3%
14 - Calvados Saint-Samson 315
3%
27 - Eure Saint-Samson-de-la-Roque 431
3%
76 - Seine-Maritime Sandouville 795
3%
14 - Calvados Sannerville 1 892
3%
14 - Calvados Saon 221
3%
50 - Manche Sartilly-Baie-Bocage 2 835
3%
76 - Seine-Maritime Sassetot-le-Malgardé 108
3%
76 - Seine-Maritime Sassetot-le-Mauconduit 1 002
3%
50 - Manche Savigny 439
3%
76 - Seine-Maritime Serqueux 965
3%
27 - Eure Serquigny 1 793
3%
14 - Calvados Soliers 2 079
3%
50 - Manche Surtainville 1 164
3%
14 - Calvados Surville 463
3%
27 - Eure Surville 877
3%
50 - Manche Tessy-Bocage 2 223
3%
76 - Seine-Maritime Tocqueville-en-Caux 139
3%
76 - Seine-Maritime Tocqueville-les-Murs 280
3%
14 - Calvados Touffréville 400
3%
27 - Eure Touffreville 353
3%
76 - Seine-Maritime Touffreville-la-Corbeline 835
3%
76 - Seine-Maritime Touffreville-sur-Eu 215
3%
14 - Calvados Tourgéville 803
3%
14 - Calvados Trévières 918
3%
61 - Orne Trun 1 202
3%
14 - Calvados Urville 725
3%
50 - Manche Urville 202
3%
14 - Calvados Val d'Arry 2 399
3%
76 - Seine-Maritime Val-de-Scie 2 525
3%
14 - Calvados Vauville 193
3%
14 - Calvados Vierville-sur-Mer 231
3%
14 - Calvados Agy 310
2%
27 - Eure Ailly 1 191
2%
61 - Orne Almenêches 645
2%
76 - Seine-Maritime Alvimare 618
2%
76 - Seine-Maritime Ancourt 630
2%
50 - Manche Anctoville-sur-Boscq 436
2%
76 - Seine-Maritime Angiens 514
2%
76 - Seine-Maritime Anglesqueville-la-Bras-Long 125
2%
76 - Seine-Maritime Anglesqueville-l'Esneval 662
2%
14 - Calvados Annebault 490
2%
50 - Manche Appeville 185
2%
27 - Eure Appeville-Annebault 989
2%
14 - Calvados Arganchy 216
2%
76 - Seine-Maritime Argueil 343
2%
27 - Eure Autheuil-Authouillet 949
2%
27 - Eure Authou 336
2%
50 - Manche Auvers 692
2%
14 - Calvados Auvillars 212
2%
76 - Seine-Maritime Auzouville-l'Esneval 358
2%
76 - Seine-Maritime Auzouville-sur-Ry 690
2%
76 - Seine-Maritime Auzouville-sur-Saâne 150
2%
14 - Calvados Avenay 572
2%
76 - Seine-Maritime Avesnes-en-Bray 291
2%
76 - Seine-Maritime Avesnes-en-Val 275
2%
50 - Manche Bacilly 949
2%
14 - Calvados Banneville-la-Campagne 171
2%
14 - Calvados Barbery 802
2%
14 - Calvados Barbeville 210
2%
27 - Eure Barc 1 155
2%
14 - Calvados Basseneville 249
2%
50 - Manche Baubigny 136
2%
14 - Calvados Bazenville 141
2%
61 - Orne Bazoches-au-Houlme 456
2%
61 - Orne Bazoches-sur-Hoëne 831
2%
50 - Manche Beauficel 116
2%
27 - Eure Beauficel-en-Lyons 186
2%
14 - Calvados Beaufour-Druval 439
2%
61 - Orne Beaulieu 195
2%
14 - Calvados Beaumesnil 202
2%
27 - Eure Beaumontel 636
2%
76 - Seine-Maritime Beauval-en-Caux 463
2%
76 - Seine-Maritime Bellencombre 596
2%
50 - Manche Benoîtville 611
2%
14 - Calvados Bernesq 213
2%
50 - Manche Besneville 657
2%
14 - Calvados Beuvillers 1 331
2%
27 - Eure Bézu-la-Forêt 315
2%
27 - Eure Bézu-Saint-Éloi 1 572
2%
14 - Calvados Blay 364
2%
76 - Seine-Maritime Boissay 409
2%
27 - Eure Boissey-le-Châtel 854
2%
76 - Seine-Maritime Bolleville 579
2%
14 - Calvados Bonnebosq 666
2%
76 - Seine-Maritime Bosc-Bordel 441
2%
76 - Seine-Maritime Bosc-Guérard-Saint-Adrien 1 062
2%
27 - Eure Bosroumois 3 718
2%
14 - Calvados Bougy 390
2%
14 - Calvados Boulon 778
2%
27 - Eure Bourth 1 188
2%
76 - Seine-Maritime Bourville 293
2%
14 - Calvados Branville 198
2%
27 - Eure Brétigny 141
2%
61 - Orne Bretoncelles 1 469
2%
27 - Eure Broglie 1 013
2%
14 - Calvados Brucourt 126
2%
27 - Eure Bueil 1 625
2%
76 - Seine-Maritime Bully 898
2%
61 - Orne Buré 102
2%
61 - Orne Bures 164
2%
76 - Seine-Maritime Bures-en-Bray 328
2%
27 - Eure Calleville 654
2%
76 - Seine-Maritime Calleville-les-Deux-Églises 333
2%
14 - Calvados Campagnolles 555
2%
14 - Calvados Campigny 186
2%
27 - Eure Campigny 1 101
2%
50 - Manche Canisy 1 734
2%
14 - Calvados Canteloup 190
2%
50 - Manche Canteloup 213
2%
76 - Seine-Maritime Canville-les-Deux-Églises 319
2%
50 - Manche Carneville 231
2%
14 - Calvados Castillon 352
2%
14 - Calvados Castillon-en-Auge 160
2%
61 - Orne Ceaucé 1 162
2%
50 - Manche Cérences 1 761
2%
14 - Calvados Cernay 139
2%
14 - Calvados Cesny-aux-Vignes 416
2%
61 - Orne Ceton 1 765
2%
27 - Eure Chambois 1 398
2%
50 - Manche Champeaux 345
2%
61 - Orne Champeaux-sur-Sarthe 161
2%
27 - Eure Champigny-la-Futelaye 273
2%
50 - Manche Chanteloup 373
2%
61 - Orne Chanu 1 253
2%
50 - Manche Chaulieu 299
2%
76 - Seine-Maritime Clasville 348
2%
27 - Eure Claville 1 080
2%
76 - Seine-Maritime Claville-Motteville 276
2%
27 - Eure Clef Vallée d'Eure 2 482
2%
76 - Seine-Maritime Cleuville 190
2%
14 - Calvados Cléville 387
2%
76 - Seine-Maritime Cléville 149
2%
61 - Orne Colombiers 332
2%
14 - Calvados Colombiers-sur-Seulles 157
2%
14 - Calvados Commes 445
2%
27 - Eure Conteville 1 015
2%
76 - Seine-Maritime Conteville 497
2%
14 - Calvados Coquainvilliers 844
2%
27 - Eure Corneville-la-Fouquetière 123
2%
27 - Eure Corneville-sur-Risle 1 371
2%
50 - Manche Coudeville-sur-Mer 867
2%
14 - Calvados Courcy 127
2%
50 - Manche Courcy 607
2%
50 - Manche Courtils 228
2%
14 - Calvados Courtonne-la-Meurdrac 665
2%
14 - Calvados Courtonne-les-Deux-Églises 642
2%
14 - Calvados Crépon 212
2%
14 - Calvados Cricqueville-en-Auge 189
2%
14 - Calvados Cricqueville-en-Bessin 172
2%
76 - Seine-Maritime Croix-Mare 733
2%
27 - Eure Crosville-la-Vieille 604
2%
50 - Manche Crosville-sur-Douve 63
2%
76 - Seine-Maritime Crosville-sur-Scie 248
2%
14 - Calvados Crouay 505
2%
14 - Calvados Cussy 183
2%
50 - Manche Cuves 271
2%
14 - Calvados Danestal 404
2%
27 - Eure Daubeuf-la-Campagne 238
2%
27 - Eure Daubeuf-près-Vatteville 461
2%
76 - Seine-Maritime Daubeuf-Serville 399
2%
61 - Orne Dompierre 392
2%
50 - Manche Doville 327
2%
50 - Manche Dragey-Ronthon 791
2%
76 - Seine-Maritime Écalles-Alix 509
2%
27 - Eure Écouis 818
2%
76 - Seine-Maritime Ectot-l'Auber 701
2%
76 - Seine-Maritime Ectot-lès-Baons 397
2%
27 - Eure Émanville 554
2%
76 - Seine-Maritime Émanville 753
2%
14 - Calvados Émiéville 633
2%
14 - Calvados Englesqueville-en-Auge 112
2%
14 - Calvados Englesqueville-la-Percée 103
2%
76 - Seine-Maritime Envermeu 1 993
2%
27 - Eure Épaignes 1 561
2%
14 - Calvados Escoville 809
2%
76 - Seine-Maritime Eslettes 1 638
2%
14 - Calvados Esquay-Notre-Dame 1 436
2%
14 - Calvados Esquay-sur-Seulles 279
2%
14 - Calvados Estrées-la-Campagne 265
2%
76 - Seine-Maritime Étainhus 1 203
2%
76 - Seine-Maritime Étalondes 1 047
2%
14 - Calvados Étréham 330
2%
27 - Eure Ézy-sur-Eure 3 686
2%
76 - Seine-Maritime Ferrières-en-Bray 1 669
2%
27 - Eure Feuguerolles 173
2%
14 - Calvados Feuguerolles-Bully 1 443
2%
50 - Manche Fierville-les-Mines 349
2%
14 - Calvados Fierville-les-Parcs 228
2%
27 - Eure Folleville 195
2%
50 - Manche Folligny 1 100
2%
76 - Seine-Maritime Foucarmont 781
2%
61 - Orne Francheville 135
2%
76 - Seine-Maritime Fréauville 136
2%
27 - Eure Frenelles-en-Vexin 1 714
2%
76 - Seine-Maritime Freneuse 960
2%
27 - Eure Freneuse-sur-Risle 345
2%
76 - Seine-Maritime Fresnay-le-Long 329
2%
61 - Orne Fresnay-le-Samson 100
2%
14 - Calvados Fresney-le-Puceux 804
2%
14 - Calvados Fresney-le-Vieux 297
2%
27 - Eure Gamaches-en-Vexin 281
2%
50 - Manche Gatteville-le-Phare 475
2%
14 - Calvados Genneville 844
2%
76 - Seine-Maritime Gerville 439
2%
14 - Calvados Gouvix 834
2%
76 - Seine-Maritime Gouy 898
2%
50 - Manche Gratot 670
2%
14 - Calvados Graye-sur-Mer 731
2%
76 - Seine-Maritime Greuville 372
2%
14 - Calvados Grimbosq 282
2%
50 - Manche Grosville 799
2%
27 - Eure Guichainville 3 017
2%
50 - Manche Hardinvast 910
2%
50 - Manche Helleville 562
2%
76 - Seine-Maritime Héricourt-en-Caux 950
2%
14 - Calvados Hermival-les-Vaux 825
2%
27 - Eure Heudebouville 787
2%
27 - Eure Heuqueville 352
2%
76 - Seine-Maritime Heuqueville 713
2%
14 - Calvados Hotot-en-Auge 298
2%
14 - Calvados Hottot-les-Bagues 473
2%
50 - Manche Huisnes-sur-Mer 170
2%
27 - Eure Igoville 1 747
2%
50 - Manche Isigny-le-Buat 3 182
2%
14 - Calvados Janville 386
2%
61 - Orne Joué-du-Bois 397
2%
61 - Orne Joué-du-Plain 241
2%
27 - Eure Jouy-sur-Eure 592
2%
14 - Calvados Juaye-Mondaye 685
2%
50 - Manche Juilley 636
2%
14 - Calvados La Bazoque 185
2%
61 - Orne La Bazoque 272
2%
14 - Calvados La Boissière 189
2%
27 - Eure La Boissière 262
2%
76 - Seine-Maritime La Cerlangue 1 287
2%
50 - Manche La Chaise-Baudouin 452
2%
27 - Eure La Croisille 425
2%
50 - Manche La Feuillie 298
2%
76 - Seine-Maritime La Feuillie 1 280
2%
61 - Orne La Fresnaie-Fayel 52
2%
14 - Calvados La Hoguette 664
2%
14 - Calvados Laize-Clinchamps 2 130
2%
76 - Seine-Maritime La Londe 2 351
2%
50 - Manche La Lucerne-d'Outremer 814
2%
61 - Orne La Madeleine-Bouvet 411
2%
27 - Eure La Madeleine-de-Nonancourt 1 139
2%
61 - Orne La Mesnière 278
2%
14 - Calvados Landelles-et-Coupigny 839
2%
14 - Calvados Landes-sur-Ajon 451
2%
76 - Seine-Maritime Landes-Vieilles-et-Neuves 129
2%
76 - Seine-Maritime Lanquetot 1 156
2%
14 - Calvados La Pommeraye 59
2%
76 - Seine-Maritime La Poterie-Cap-d'Antifer 453
2%
27 - Eure La Poterie-Mathieu 164
2%
27 - Eure La Saussaye 1 889
2%
76 - Seine-Maritime La Vaupalière 1 171
2%
14 - Calvados La Villette 233
2%
14 - Calvados Le Brévedent 178
2%
61 - Orne Le Mêle-sur-Sarthe 659
2%
27 - Eure Le Noyer-en-Ouche 231
2%
50 - Manche Le Rozel 247
2%
27 - Eure Léry 2 013
2%
61 - Orne Le Sap-André 126
2%
27 - Eure Les Baux-de-Breteuil 677
2%
27 - Eure Les Baux-Sainte-Croix 836
2%
61 - Orne Les Champeaux 100
2%
76 - Seine-Maritime Les Grandes-Ventes 1 764
2%
76 - Seine-Maritime Les Hauts-de-Caux 1 347
2%
14 - Calvados Les Isles-Bardel 67
2%
14 - Calvados Les Monceaux 202
2%
27 - Eure Le Thil 596
2%
76 - Seine-Maritime Le Thil-Riberpré 236
2%
27 - Eure Le Thuit 141
2%
27 - Eure Le Thuit de l'Oison 3 734
2%
27 - Eure Le Tremblay-Omonville 369
2%
14 - Calvados Le Tronquay 783
2%
27 - Eure Le Tronquay 516
2%
27 - Eure Lieurey 1 502
2%
76 - Seine-Maritime Limésy 1 483
2%
14 - Calvados Litteau 286
2%
27 - Eure Livet-sur-Authou 161
2%
76 - Seine-Maritime Londinières 1 253
2%
61 - Orne Lonlay-l'Abbaye 1 116
2%
61 - Orne Lonlay-le-Tesson 230
2%
61 - Orne Macé 418
2%
14 - Calvados Maisoncelles-Pelvey 260
2%
14 - Calvados Maisoncelles-sur-Ajon 188
2%
14 - Calvados Maisons 405
2%
14 - Calvados Maltot 1 025
2%
27 - Eure Mandeville 317
2%
14 - Calvados Mandeville-en-Bessin 326
2%
14 - Calvados Manerbe 547
2%
50 - Manche Marcey-les-Grèves 1 297
2%
50 - Manche Marcilly 343
2%
27 - Eure Marcilly-la-Campagne 1 119
2%
27 - Eure Marcilly-sur-Eure 1 594
2%
14 - Calvados Marolles 744
2%
50 - Manche Maupertus-sur-Mer 221
2%
27 - Eure Ménilles 1 738
2%
14 - Calvados Méry-Bissières-en-Auge 1 078
2%
61 - Orne Messei 1 831
2%
14 - Calvados Meuvaines 136
2%
50 - Manche Montaigu-les-Bois 214
2%
50 - Manche Montfarville 798
2%
27 - Eure Montfort-sur-Risle 783
2%
14 - Calvados Montillières-sur-Orne 572
2%
61 - Orne Montilly-sur-Noireau 723
2%
76 - Seine-Maritime Montmain 1 397
2%
27 - Eure Morgny 673
2%
76 - Seine-Maritime Morgny-la-Pommeraye 1 074
2%
14 - Calvados Morteaux-Coulibœuf 616
2%
50 - Manche Morville 278
2%
76 - Seine-Maritime Motteville 767
2%
61 - Orne Moutiers-au-Perche 375
2%
14 - Calvados Moyaux 1 342
2%
50 - Manche Moyon Villages 1 437
2%
50 - Manche Muneville-sur-Mer 497
2%
50 - Manche Nay 66
2%
50 - Manche Néhou 609
2%
14 - Calvados Noron-l'Abbaye 318
2%
14 - Calvados Noron-la-Poterie 346
2%
76 - Seine-Maritime Norville 995
2%
76 - Seine-Maritime Orival 881
2%
50 - Manche Orval sur Sienne 1 197
2%
14 - Calvados Osmanville 514
2%
76 - Seine-Maritime Oudalle 441
2%
76 - Seine-Maritime Ourville-en-Caux 1 118
2%
61 - Orne Pacé 419
2%
14 - Calvados Pennedepie 313
2%
14 - Calvados Pierrefitte-en-Auge 157
2%
14 - Calvados Pierrefitte-en-Cinglais 242
2%
14 - Calvados Pierrepont 87
2%
50 - Manche Pierreville 752
2%
76 - Seine-Maritime Pissy-Pôville 1 275
2%
27 - Eure Pîtres 2 620
2%
14 - Calvados Plumetot 210
2%
50 - Manche Pontaubault 576
2%
50 - Manche Pont-Hébert 1 907
2%
14 - Calvados Ponts sur Seulles 1 217
2%
50 - Manche Précey 575
2%
14 - Calvados Putot-en-Auge 303
2%
76 - Seine-Maritime Quévreville-la-Poterie 1 029
2%
61 - Orne Rânes 1 047
2%
61 - Orne Rémalard en Perche 1 896
2%
14 - Calvados Reviers 550
2%
76 - Seine-Maritime Rogerville 1 668
2%
76 - Seine-Maritime Rolleville 1 196
2%
14 - Calvados Rosel 536
2%
76 - Seine-Maritime Roumare 1 536
2%
76 - Seine-Maritime Rouville 607
2%
27 - Eure Rouvray 260
2%
76 - Seine-Maritime Rouvray-Catillon 224
2%
14 - Calvados Rouvres 223
2%
76 - Seine-Maritime Rouxmesnil-Bouteilles 1 811
2%
14 - Calvados Ryes 499
2%
76 - Seine-Maritime Sahurs 1 212
2%
61 - Orne Saint-Céneri-le-Gérei 111
2%
76 - Seine-Maritime Sainte-Agathe-d'Aliermont 298
2%
76 - Seine-Maritime Sainte-Foy 625
2%
27 - Eure Saint-Éloi-de-Fourques 543
2%
27 - Eure Sainte-Marthe 496
2%
61 - Orne Sainte-Opportune 240
2%
27 - Eure Sainte-Opportune-du-Bosc 647
2%
27 - Eure Sainte-Opportune-la-Mare 435
2%
76 - Seine-Maritime Saint-Eustache-la-Forêt 1 218
2%
76 - Seine-Maritime Saint-Honoré 194
2%
14 - Calvados Saint-Hymer 692
2%
14 - Calvados Saint-Lambert 269
2%
61 - Orne Saint-Lambert-sur-Dive 135
2%
61 - Orne Saint-Mard-de-Réno 409
2%
61 - Orne Saint-Mars-d'Égrenne 646
2%
50 - Manche Saint-Planchers 1 435
2%
50 - Manche Saint-Pois 473
2%
50 - Manche Saint-Senier-de-Beuvron 333
2%
50 - Manche Saint-Senier-sous-Avranches 1 431
2%
27 - Eure Saint-Siméon 310
2%
27 - Eure Saint-Sylvestre-de-Cormeilles 229
2%
27 - Eure Saint-Symphorien 482
2%
61 - Orne Saint-Symphorien-des-Bruyères 473
2%
14 - Calvados Sallenelles 296
2%
61 - Orne Sap-en-Auge 958
2%
14 - Calvados Sassy 208
2%
76 - Seine-Maritime Saussay 366
2%
27 - Eure Saussay-la-Campagne 530
2%
50 - Manche Saussey 452
2%
76 - Seine-Maritime Senneville-sur-Fécamp 888
2%
50 - Manche Siouville-Hague 940
2%
14 - Calvados Sommervieu 987
2%
50 - Manche Sortosville 76
2%
50 - Manche Sortosville-en-Beaumont 307
2%
50 - Manche Sottevast 1 447
2%
14 - Calvados Subles 667
2%
14 - Calvados Sully 160
2%
50 - Manche Thèreval 1 787
2%
27 - Eure Thiberville 1 781
2%
76 - Seine-Maritime Thil-Manneville 654
2%
27 - Eure Tilleul-Dame-Agnès 190
2%
27 - Eure Tocqueville 155
2%
50 - Manche Tocqueville 262
2%
50 - Manche Tollevast 1 623
2%
76 - Seine-Maritime Torcy-le-Grand 792
2%
76 - Seine-Maritime Torcy-le-Petit 499
2%
27 - Eure Tourneville 305
2%
14 - Calvados Tracy-Bocage 298
2%
14 - Calvados Tracy-sur-Mer 345
2%
14 - Calvados Ussy 852
2%
50 - Manche Vains 751
2%
76 - Seine-Maritime Val-de-Saâne 1 484
2%
61 - Orne Valframbert 1 721
2%
76 - Seine-Maritime Valliquerville 1 423
2%
76 - Seine-Maritime Valmont 863
2%
27 - Eure Vatteville 176
2%
76 - Seine-Maritime Vatteville-la-Rue 1 146
2%
14 - Calvados Vaucelles 580
2%
14 - Calvados Victot-en-Auge 133
2%
14 - Calvados Vienne-en-Bessin 288
2%
14 - Calvados Villy-Bocage 733
2%
14 - Calvados Villy-lez-Falaise 265
2%
76 - Seine-Maritime Villy-sur-Yères 205
2%
14 - Calvados Vimont 826
2%
50 - Manche Virandeville 771
2%
76 - Seine-Maritime Yainville 1 037
2%
76 - Seine-Maritime Ymare 1 182
2%
50 - Manche Yquelon 1 165
2%
27 - Eure Aclou 330
1%
27 - Eure Acon 460
1%
27 - Eure Aigleville 420
1%
50 - Manche Airel 540
1%
27 - Eure Aizier 154
1%
27 - Eure Ambenay 565
1%
76 - Seine-Maritime Ambrumesnil 473
1%
27 - Eure Amécourt 174
1%
50 - Manche Amigny 154
1%
76 - Seine-Maritime Anceaumeville 689
1%
76 - Seine-Maritime Ancourteville-sur-Héricourt 349
1%
76 - Seine-Maritime Ancretiéville-Saint-Victor 371
1%
76 - Seine-Maritime Ancretteville-sur-Mer 151
1%
76 - Seine-Maritime Annouville-Vilmesnil 461
1%
76 - Seine-Maritime Anquetierville 334
1%
76 - Seine-Maritime Anvéville 300
1%
61 - Orne Appenai-sous-Bellême 278
1%
76 - Seine-Maritime Ardouval 156
1%
27 - Eure Armentières-sur-Avre 161
1%
27 - Eure Arnières-sur-Iton 1 667
1%
76 - Seine-Maritime Aubéguimont 186
1%
76 - Seine-Maritime Aubermesnil-aux-Érables 200
1%
76 - Seine-Maritime Aubermesnil-Beaumais 516
1%
61 - Orne Aubry-le-Panthou 126
1%
61 - Orne Aubusson 402
1%
50 - Manche Aucey-la-Plaine 414
1%
50 - Manche Audouville-la-Hubert 78
1%
50 - Manche Aumeville-Lestre 117
1%
61 - Orne Aunou-le-Faucon 247
1%
61 - Orne Aunou-sur-Orne 268
1%
76 - Seine-Maritime Auppegard 692
1%
27 - Eure Authevernes 448
1%
76 - Seine-Maritime Autigny 312
1%
76 - Seine-Maritime Auvilliers 103
1%
50 - Manche Auxais 170
1%
76 - Seine-Maritime Auzebosc 1 138
1%
27 - Eure Aviron 1 102
1%
61 - Orne Avoine 216
1%
76 - Seine-Maritime Avremesnil 1 008
1%
61 - Orne Avrilly 97
1%
50 - Manche Azeville 76
1%
27 - Eure Bacquepuis 306
1%
76 - Seine-Maritime Baillolet 109
1%
27 - Eure Bâlines 541
1%
61 - Orne Banvou 620
1%
76 - Seine-Maritime Baons-le-Comte 334
1%
76 - Seine-Maritime Bardouville 622
1%
76 - Seine-Maritime Baromesnil 216
1%
14 - Calvados Barou-en-Auge 69
1%
27 - Eure Barquet 448
1%
50 - Manche Baudre 578
1%
50 - Manche Baupte 433
1%
27 - Eure Bazincourt-sur-Epte 783
1%
76 - Seine-Maritime Bazinval 419
1%
76 - Seine-Maritime Beaubec-la-Rosière 485
1%
27 - Eure Beaubray 336
1%
50 - Manche Beaucoudray 133
1%
14 - Calvados Beaumais 167
1%
76 - Seine-Maritime Beaurepaire 498
1%
76 - Seine-Maritime Beaussault 413
1%
76 - Seine-Maritime Beautot 152
1%
61 - Orne Beauvain 271
1%
76 - Seine-Maritime Bec-de-Mortagne 643
1%
61 - Orne Bellou-en-Houlme 1 042
1%
61 - Orne Bellou-le-Trichard 200
1%
76 - Seine-Maritime Belmesnil 450
1%
50 - Manche Belval 330
1%
27 - Eure Bémécourt 582
1%
76 - Seine-Maritime Bénarville 267
1%
76 - Seine-Maritime Bénesville 170
1%
61 - Orne Berd'huis 1 094
1%
27 - Eure Bérengeville-la-Campagne 330
1%
50 - Manche Bérigny 437
1%
61 - Orne Berjou 437
1%
27 - Eure Bernienville 288
1%
27 - Eure Bernouville 313
1%
76 - Seine-Maritime Bertheauville 96
1%
27 - Eure Berthouville 327
1%
76 - Seine-Maritime Bertreville 119
1%
76 - Seine-Maritime Bertreville-Saint-Ouen 335
1%
76 - Seine-Maritime Bertrimont 216
1%
50 - Manche Beslon 551
1%
50 - Manche Beuvrigny 133
1%
76 - Seine-Maritime Beuzevillette 626
1%
76 - Seine-Maritime Bézancourt 360
1%
76 - Seine-Maritime Bierville 331
1%
50 - Manche Biniville 115
1%
61 - Orne Bizou 136
1%
76 - Seine-Maritime Blacqueville 730
1%
76 - Seine-Maritime Blosseville 252
1%
50 - Manche Blosville 335
1%
27 - Eure Bois-Anzeray 171
1%
27 - Eure Bois-Arnault 689
1%
76 - Seine-Maritime Bois-d'Ennebourg 569
1%
76 - Seine-Maritime Bois-Guilbert 297
1%
76 - Seine-Maritime Bois-Héroult 173
1%
76 - Seine-Maritime Bois-Himont 469
1%
27 - Eure Bois-Jérôme-Saint-Ouen 748
1%
27 - Eure Bois-le-Roi 1 238
1%
76 - Seine-Maritime Bois-l'Évêque 610
1%
27 - Eure Boisney 276
1%
27 - Eure Bois-Normand-près-Lyre 350
1%
27 - Eure Boisset-les-Prévanches 498
1%
50 - Manche Boisyvon 105
1%
27 - Eure Boncourt 181
1%
61 - Orne Bonnefoi 191
1%
14 - Calvados Bonnemaison 398
1%
14 - Calvados Bonnœil 122
1%
76 - Seine-Maritime Bordeaux-Saint-Clair 644
1%
76 - Seine-Maritime Bornambusc 248
1%
76 - Seine-Maritime Bosc-Bérenger 201
1%
76 - Seine-Maritime Bosc-Édeline 366
1%
76 - Seine-Maritime Bosc-Hyons 433
1%
76 - Seine-Maritime Bosc-Mesnil 318
1%
27 - Eure Bosgouet 755
1%
27 - Eure Bosquentin 125
1%
27 - Eure Bosrobert 668
1%
76 - Seine-Maritime Bosville 580
1%
27 - Eure Bouafles 663
1%
61 - Orne Boucé 583
1%
27 - Eure Bouchevilliers 79
1%
76 - Seine-Maritime Boudeville 211
1%
76 - Seine-Maritime Bouelles 281
1%
27 - Eure Boulleville 1 204
1%
27 - Eure Bouquelon 526
1%
27 - Eure Bouquetot 1 035
1%
76 - Seine-Maritime Bourdainville 468
1%
27 - Eure Bourg-Beaudouin 707
1%
14 - Calvados Bourgeauville 100
1%
50 - Manche Bourguenolles 343
1%
27 - Eure Bournainville-Faverolles 482
1%
50 - Manche Boutteville 64
1%
76 - Seine-Maritime Brachy 700
1%
76 - Seine-Maritime Bracquetuit 330
1%
76 - Seine-Maritime Bradiancourt 221
1%
50 - Manche Brainville 211
1%
76 - Seine-Maritime Brametot 195
1%
76 - Seine-Maritime Brémontier-Merval 447
1%
14 - Calvados Brémoy 236
1%
27 - Eure Brestot 652
1%
27 - Eure Bretagnolles 203
1%
27 - Eure Breuilpont 1 210
1%
50 - Manche Breuville 401
1%
27 - Eure Breux-sur-Avre 339
1%
50 - Manche Bricquebosq 638
1%
50 - Manche Brillevast 322
1%
27 - Eure Brosville 644
1%
50 - Manche Brouains 137
1%
14 - Calvados Bucéels 437
1%
76 - Seine-Maritime Butot 285
1%
76 - Seine-Maritime Butot-Vénesville 240
1%
14 - Calvados Cahagnolles 256
1%
61 - Orne Cahan 163
1%
76 - Seine-Maritime Cailleville 257
1%
61 - Orne Caligny 835
1%
76 - Seine-Maritime Callengeville 504
1%
50 - Manche Cambernon 708
1%
50 - Manche Cametours 430
1%
76 - Seine-Maritime Campneuseville 465
1%
50 - Manche Camprond 399
1%
27 - Eure Canappeville 699
1%
14 - Calvados Canchy 205
1%
76 - Seine-Maritime Canehan 383
1%
76 - Seine-Maritime Canouville 344
1%
27 - Eure Caorches-Saint-Nicolas 597
1%
27 - Eure Capelle-les-Grands 417
1%
50 - Manche Carantilly 619
1%
14 - Calvados Carcagny 281
1%
14 - Calvados Cardonville 96
1%
14 - Calvados Cartigny-l'Épinay 295
1%
76 - Seine-Maritime Catenay 681
1%
50 - Manche Catteville 100
1%
27 - Eure Caugé 846
1%
14 - Calvados Cauvicourt 550
1%
50 - Manche Cavigny 268
1%
61 - Orne Cerisé 862
1%
50 - Manche Cerisy-la-Forêt 1 025
1%
50 - Manche Cerisy-la-Salle 1 025
1%
27 - Eure Cesseville 444
1%
27 - Eure Chaignes 276
1%
27 - Eure Chamblac 385
1%
27 - Eure Chambord 175
1%
27 - Eure Chambray 407
1%
27 - Eure Champenard 288
1%
61 - Orne Champsecret 938
1%
61 - Orne Chandai 691
1%
27 - Eure Charleval 1 706
1%
61 - Orne Chaumont 170
1%
27 - Eure Chauvincourt-Provemont 377
1%
27 - Eure Chavigny-Bailleul 597
1%
50 - Manche Chavoy 135
1%
27 - Eure Chennebrun 105
1%
50 - Manche Chérencé-le-Héron 440
1%
14 - Calvados Chouain 229
1%
76 - Seine-Maritime Cideville 409
1%
27 - Eure Cierrey 774
1%
14 - Calvados Cintheaux 187
1%
61 - Orne Ciral 403
1%
76 - Seine-Maritime Clais 261
1%
14 - Calvados Clarbec 331
1%
76 - Seine-Maritime Cliponville 254
1%
50 - Manche Clitourps 228
1%
76 - Seine-Maritime Colmesnil-Manneville 110
1%
14 - Calvados Colombières 205
1%
27 - Eure Combon 819
1%
14 - Calvados Combray 144
1%
76 - Seine-Maritime Compainville 165
1%
27 - Eure Connelles 177
1%
76 - Seine-Maritime Contremoulins 166
1%
61 - Orne Corbon 114
1%
14 - Calvados Cordebugle 164
1%
14 - Calvados Cordey 155
1%
14 - Calvados Cormolain 397
1%
14 - Calvados Cossesseville 107
1%
76 - Seine-Maritime Cottévrard 474
1%
14 - Calvados Cottun 230
1%
27 - Eure Coudray 217
1%
27 - Eure Coudres 551
1%
61 - Orne Coulonces 216
1%
61 - Orne Coulonges-sur-Sarthe 484
1%
50 - Manche Coulouvray-Boisbenâtre 529
1%
27 - Eure Courbépine 717
1%
27 - Eure Courdemanche 600
1%
27 - Eure Courteilles 162
1%
61 - Orne Courtomer 718
1%
14 - Calvados Courvaudon 270
1%
50 - Manche Couvains 566
1%
61 - Orne Craménil 129
1%
14 - Calvados Cresseveuille 252
1%
27 - Eure Crestot 575
1%
76 - Seine-Maritime Criquiers 711
1%
14 - Calvados Cristot 218
1%
76 - Seine-Maritime Critot 481
1%
14 - Calvados Crocy 291
1%
14 - Calvados Croisilles 648
1%
61 - Orne Croisilles 201
1%
76 - Seine-Maritime Croisy-sur-Andelle 527
1%
27 - Eure Croisy-sur-Eure 216
1%
76 - Seine-Maritime Croixdalle 319
1%
50 - Manche Crollon 297
1%
76 - Seine-Maritime Cropus 258
1%
27 - Eure Croth 1 374
1%
61 - Orne Crouttes 303
1%
61 - Orne Crulai 818
1%
61 - Orne Cuissai 427
1%
14 - Calvados Culey-le-Patry 366
1%
76 - Seine-Maritime Cuy-Saint-Fiacre 654
1%
14 - Calvados Damblainville 239
1%
61 - Orne Dame-Marie 146
1%
76 - Seine-Maritime Dancourt 232
1%
27 - Eure Dangu 570
1%
50 - Manche Dangy 672
1%
27 - Eure Dardez 143
1%
76 - Seine-Maritime Dénestanville 271
1%
14 - Calvados Deux-Jumeaux 47
1%
50 - Manche Domjean 996
1%
14 - Calvados Donnay 302
1%
27 - Eure Douains 461
1%
76 - Seine-Maritime Doudeauville 104
1%
76 - Seine-Maritime Douvrend 522
1%
27 - Eure Droisy 458
1%
76 - Seine-Maritime Drosay 192
1%
14 - Calvados Drubec 114
1%
27 - Eure Drucourt 584
1%
14 - Calvados Ducy-Sainte-Marguerite 172
1%
27 - Eure Duranville 150
1%
61 - Orne Durcet 288
1%
27 - Eure Écaquelon 601
1%
27 - Eure Écardenville-la-Campagne 465
1%
50 - Manche Écausseville 105
1%
61 - Orne Échalou 350
1%
61 - Orne Échauffour 734
1%
27 - Eure Ecquetot 389
1%
76 - Seine-Maritime Écrainville 972
1%
76 - Seine-Maritime Écretteville-lès-Baons 369
1%
76 - Seine-Maritime Écretteville-sur-Mer 162
1%
76 - Seine-Maritime Életot 639
1%
76 - Seine-Maritime Ellecourt 153
1%
14 - Calvados Ellon 608
1%
27 - Eure Émalleville 483
1%
50 - Manche Émondeville 345
1%
76 - Seine-Maritime Envronville 351
1%
14 - Calvados Épaney 508
1%
27 - Eure Épégard 536
1%
27 - Eure Épieds 347
1%
76 - Seine-Maritime Épretot 784
1%
50 - Manche Équilly 194
1%
14 - Calvados Eraines 294
1%
76 - Seine-Maritime Ermenouville 139
1%
76 - Seine-Maritime Ernemont-la-Villette 204
1%
76 - Seine-Maritime Ernemont-sur-Buchy 293
1%
14 - Calvados Ernes 319
1%
50 - Manche Éroudeville 186
1%
76 - Seine-Maritime Esclavelles 385
1%
14 - Calvados Espins 250
1%
61 - Orne Essay 540
1%
14 - Calvados Esson 550
1%
76 - Seine-Maritime Esteville 496
1%
76 - Seine-Maritime Étaimpuis 838
1%
76 - Seine-Maritime Étalleville 434
1%
50 - Manche Étienville 384
1%
76 - Seine-Maritime Étoutteville 834
1%
27 - Eure Étréville 667
1%
27 - Eure Éturqueraye 304
1%
27 - Eure Fains 451
1%
76 - Seine-Maritime Fallencourt 183
1%
27 - Eure Farceaux 345
1%
27 - Eure Fatouville-Grestain 725
1%
14 - Calvados Fauguernon 241
1%
61 - Orne Faverolles 137
1%
27 - Eure Faverolles-la-Campagne 166
1%
61 - Orne Fay 69
1%
76 - Seine-Maritime Fesques 142
1%
50 - Manche Feugères 345
1%
27 - Eure Fiquefleur-Équainville 748
1%
14 - Calvados Firfol 387
1%
76 - Seine-Maritime Flamets-Frétils 162
1%
61 - Orne Fleuré 202
1%
27 - Eure Flipou 323
1%
76 - Seine-Maritime Flocques 701
1%
50 - Manche Flottemanville 226
1%
76 - Seine-Maritime Fongueusemare 182
1%
27 - Eure Fontaine-sous-Jouy 847
1%
14 - Calvados Formentin 259
1%
27 - Eure Fort-Moville 526
1%
76 - Seine-Maritime Foucart 359
1%
27 - Eure Foulbec 664
1%
14 - Calvados Foulognes 213
1%
14 - Calvados Fourches 220
1%
50 - Manche Fourneaux 131
1%
14 - Calvados Fourneaux-le-Val 155
1%
14 - Calvados Fourneville 477
1%
76 - Seine-Maritime Fresles 237
1%
76 - Seine-Maritime Fresnoy-Folny 678
1%
76 - Seine-Maritime Fresquiennes 1 046
1%
50 - Manche Fresville 374
1%
76 - Seine-Maritime Freulleville 362
1%
76 - Seine-Maritime Frichemesnil 393
1%
76 - Seine-Maritime Froberville 1 168
1%
76 - Seine-Maritime Fry 142
1%
76 - Seine-Maritime Fultot 240
1%
14 - Calvados Fumichon 272
1%
27 - Eure Gadencourt 375
1%
76 - Seine-Maritime Gaillefontaine 1 205
1%
76 - Seine-Maritime Gancourt-Saint-Étienne 226
1%
61 - Orne Gandelain 423
1%
76 - Seine-Maritime Ganzeville 468
1%
27 - Eure Garennes-sur-Eure 1 967
1%
50 - Manche Gathemo 264
1%
27 - Eure Gauciel 835
1%
27 - Eure Gauville-la-Campagne 620
1%
14 - Calvados Gavrus 597
1%
50 - Manche Geffosses 489
1%
76 - Seine-Maritime Gerponville 388
1%
61 - Orne Giel-Courteilles 476
1%
27 - Eure Giverville 400
1%
14 - Calvados Glanville 164
1%
27 - Eure Glisolles 864
1%
50 - Manche Golleville 168
1%
76 - Seine-Maritime Gommerville 726
1%
76 - Seine-Maritime Gonnetot 176
1%
76 - Seine-Maritime Gonzeville 126
1%
50 - Manche Gorges 344
1%
76 - Seine-Maritime Goupillières 417
1%
27 - Eure Goupil-Othon 1 256
1%
14 - Calvados Goustranville 301
1%
50 - Manche Gouvets 286
1%
50 - Manche Graignes-Mesnil-Angot 798
1%
76 - Seine-Maritime Graimbouville 616
1%
14 - Calvados Grainville-sur-Odon 1 049
1%
76 - Seine-Maritime Grandcourt 317
1%
14 - Calvados Grangues 276
1%
76 - Seine-Maritime Graval 155
1%
76 - Seine-Maritime Grèges 852
1%
76 - Seine-Maritime Grémonville 450
1%
76 - Seine-Maritime Grigneuseville 376
1%
50 - Manche Grimesnil 66
1%
27 - Eure Grosley-sur-Risle 530
1%
27 - Eure Grossœuvre 1 366
1%
76 - Seine-Maritime Grugny 1 006
1%
76 - Seine-Maritime Grumesnil 437
1%
27 - Eure Guerny 163
1%
14 - Calvados Guéron 246
1%
76 - Seine-Maritime Guerville 471
1%
76 - Seine-Maritime Gueures 527
1%
76 - Seine-Maritime Gueutteville 89
1%
76 - Seine-Maritime Gueutteville-les-Grès 372
1%
27 - Eure Hacqueville 420
1%
50 - Manche Hamelin 102
1%
76 - Seine-Maritime Harcanville 530
1%
27 - Eure Hardencourt-Cocherel 275
1%
27 - Eure Harquency 272
1%
76 - Seine-Maritime Hattenville 712
1%
76 - Seine-Maritime Haucourt 187
1%
76 - Seine-Maritime Haudricourt 423
1%
76 - Seine-Maritime Haussez 281
1%
61 - Orne Hauterive 462
1%
27 - Eure Hauville 1 294
1%
27 - Eure Hébécourt 623
1%
76 - Seine-Maritime Héberville 103
1%
27 - Eure Hécourt 314
1%
27 - Eure Hectomare 211
1%
61 - Orne Héloup 890
1%
50 - Manche Hémevez 184
1%
27 - Eure Hennezis 762
1%
76 - Seine-Maritime Hénouville 1 366
1%
76 - Seine-Maritime Hermeville 354
1%
76 - Seine-Maritime Héronchelles 147
1%
27 - Eure Herqueville 132
1%
27 - Eure Heudicourt 736
1%
27 - Eure Heudreville-en-Lieuvin 110
1%
27 - Eure Heudreville-sur-Eure 1 073
1%
76 - Seine-Maritime Heugleville-sur-Scie 640
1%
50 - Manche Heugueville-sur-Sienne 468
1%
14 - Calvados Heuland 115
1%
76 - Seine-Maritime Heurteauville 293
1%
50 - Manche Hiesville 71
1%
50 - Manche Hocquigny 191
1%
76 - Seine-Maritime Hodeng-au-Bosc 579
1%
76 - Seine-Maritime Hodeng-Hodenger 268
1%
27 - Eure Hondouville 785
1%
76 - Seine-Maritime Houdetot 189
1%
27 - Eure Houlbec-Cocherel 1 271
1%
27 - Eure Houville-en-Vexin 235
1%
50 - Manche Huberville 360
1%
50 - Manche Hudimesnil 920
1%
27 - Eure Huest 778
1%
76 - Seine-Maritime Hugleville-en-Caux 429
1%
61 - Orne Igé 593
1%
27 - Eure Illeville-sur-Montfort 861
1%
27 - Eure Illiers-l'Évêque 1 026
1%
76 - Seine-Maritime Illois 411
1%
76 - Seine-Maritime Imbleville 304
1%
76 - Seine-Maritime Incheville 1 202
1%
76 - Seine-Maritime Ingouville 275
1%
61 - Orne Irai 615
1%
27 - Eure Irreville 467
1%
27 - Eure Iville 417
1%
50 - Manche Joganville 94
1%
14 - Calvados Jort 301
1%
27 - Eure Juignettes 224
1%
27 - Eure Jumelles 328
1%
50 - Manche La Baleine 109
1%
27 - Eure La Baronnie 748
1%
61 - Orne La Bellière 132
1%
76 - Seine-Maritime La Bellière 53
1%
50 - Manche La Bloutière 437
1%
14 - Calvados La Caine 158
1%
50 - Manche La Chapelle-Cécelin 243
1%
50 - Manche La Chapelle-Urée 167
1%
76 - Seine-Maritime La Chaussée 538
1%
61 - Orne La Chaux 52
1%
61 - Orne La Coulonche 501
1%
27 - Eure La Couture-Boussey 2 315
1%
14 - Calvados La Folie 99
1%
14 - Calvados La Folletière-Abenon 140
1%
27 - Eure La Forêt-du-Parc 628
1%
76 - Seine-Maritime La Frénaye 2 091
1%
76 - Seine-Maritime La Gaillarde 385
1%
50 - Manche La Godefroy 288
1%
50 - Manche La Haye-Pesnel 1 262
1%
27 - Eure La Heunière 450
1%
14 - Calvados La Houblonnière 329
1%
27 - Eure La Houssaye 207
1%
76 - Seine-Maritime La Houssaye-Béranger 534
1%
61 - Orne Lalacelle 267
1%
61 - Orne Laleu 359
1%
50 - Manche La Luzerne 75
1%
50 - Manche Lamberville 167
1%
76 - Seine-Maritime Lamberville 195
1%
50 - Manche La Meauffe 1 002
1%
50 - Manche La Meurdraquière 189
1%
76 - Seine-Maritime Lammerville 312
1%
50 - Manche La Mouche 244
1%
61 - Orne Landigou 446
1%
61 - Orne Landisacq 780
1%
27 - Eure La Neuve-Lyre 580
1%
50 - Manche Lapenty 376
1%
50 - Manche La Pernelle 273
1%
76 - Seine-Maritime La Remuée 1 274
1%
27 - Eure La Roquette 239
1%
61 - Orne Larré 465
1%
76 - Seine-Maritime La Rue-Saint-Pierre 773
1%
61 - Orne La Selle-la-Forge 1 423
1%
50 - Manche Laulne 195
1%
27 - Eure La Vacherie 570
1%
50 - Manche La Vendelée 473
1%
14 - Calvados La Vespière-Friardel 1 181
1%
27 - Eure La Vieille-Lyre 663
1%
76 - Seine-Maritime La Vieux-Rue 578
1%
14 - Calvados Léaupartie 88
1%
27 - Eure Le Bois-Hellain 213
1%
76 - Seine-Maritime Le Bois-Robert 364
1%
61 - Orne Le Bouillon 167
1%
27 - Eure Le Boulay-Morin 810
1%
76 - Seine-Maritime Le Bourg-Dun 433
1%
76 - Seine-Maritime Le Catelier 275
1%
76 - Seine-Maritime Le Caule-Sainte-Beuve 481
1%
61 - Orne Le Cercueil 141
1%
61 - Orne Le Châtellier 403
1%
14 - Calvados Le Détroit 88
1%
50 - Manche Le Dézert 603
1%
14 - Calvados Le Faulq 335
1%
27 - Eure Le Favril 171
1%
14 - Calvados Leffard 219
1%
27 - Eure Le Fidelaire 1 013
1%
14 - Calvados Le Fournet 76
1%
50 - Manche Le Fresne-Poret 219
1%
61 - Orne Le Grais 201
1%
50 - Manche Le Grand-Celland 598
1%
50 - Manche Le Grippon 389
1%
50 - Manche Le Guislain 142
1%
76 - Seine-Maritime Le Hanouard 261
1%
27 - Eure Le Landin 223
1%
50 - Manche Le Loreur 269
1%
50 - Manche Le Lorey 584
1%
50 - Manche Le Luot 295
1%
61 - Orne Le Mage 216
1%
50 - Manche Le Mesnil-Adelée 161
1%
50 - Manche Le Mesnil-Amey 287
1%
50 - Manche Le Mesnil-Aubert 195
1%
14 - Calvados Le Mesnil-au-Grain 80
1%
50 - Manche Le Mesnil-au-Val 725
1%
14 - Calvados Le Mesnil-Eudes 253
1%
50 - Manche Le Mesnil-Eury 173
1%
50 - Manche Le Mesnil-Garnier 225
1%
50 - Manche Le Mesnil-Gilbert 138
1%
14 - Calvados Le Mesnil-Guillaume 591
1%
50 - Manche Le Mesnillard 246
1%
50 - Manche Le Mesnil-Ozenne 283
1%
76 - Seine-Maritime Le Mesnil-Réaume 795
1%
14 - Calvados Le Mesnil-Robert 188
1%
50 - Manche Le Mesnil-Rouxelin 480
1%
14 - Calvados Le Mesnil-Simon 161
1%
76 - Seine-Maritime Le Mesnil-sous-Jumièges 617
1%
14 - Calvados Le Mesnil-sur-Blangy 162
1%
50 - Manche Le Mesnil-Villeman 235
1%
14 - Calvados Le Mesnil-Villement 291
1%
50 - Manche Le Neufbourg 401
1%
50 - Manche Lengronne 446
1%
50 - Manche Le Perron 198
1%
50 - Manche Le Petit-Celland 175
1%
50 - Manche Le Plessis-Lastelle 238
1%
61 - Orne Les Aspres 615
1%
27 - Eure Les Barils 276
1%
76 - Seine-Maritime Les Cent-Acres 65
1%
50 - Manche Les Cresnays 228
1%
27 - Eure Les Damps 1 360
1%
27 - Eure Les Hogues 679
1%
50 - Manche Les Loges-Marchis 1 025
1%
61 - Orne Les Menus 240
1%
50 - Manche Les Moitiers-d'Allonne 718
1%
14 - Calvados Lessard-et-le-Chêne 159
1%
27 - Eure Les Thilliers-en-Vexin 497
1%
50 - Manche Lestre 246
1%
76 - Seine-Maritime Les Trois-Pierres 786
1%
27 - Eure Les Ventes 1 043
1%
61 - Orne Les Ventes-de-Bourse 144
1%
50 - Manche L'Étang-Bertrand 350
1%
50 - Manche Le Tanu 413
1%
76 - Seine-Maritime Le Torp-Mesnil 459
1%
14 - Calvados Le Torquesne 541
1%
27 - Eure Le Val-David 690
1%
14 - Calvados Le Vey 119
1%
50 - Manche Le Vicel 117
1%
27 - Eure Le Vieil-Évreux 838
1%
27 - Eure L'Habit 502
1%
14 - Calvados L'Hôtellerie 318
1%
50 - Manche Liesville-sur-Douve 211
1%
50 - Manche Lieusaint 396
1%
27 - Eure Lignerolles 342
1%
61 - Orne Lignou 143
1%
27 - Eure Lilly 77
1%
76 - Seine-Maritime Limpiville 391
1%
76 - Seine-Maritime Lindebeuf 388
1%
50 - Manche Lingeard 87
1%
14 - Calvados Lingèvres 466
1%
76 - Seine-Maritime Lintot 473
1%
76 - Seine-Maritime Lintot-les-Bois 188
1%
14 - Calvados Lisores 263
1%
27 - Eure Lisors 319
1%
50 - Manche Lolif 599
1%
27 - Eure Longchamps 684
1%
76 - Seine-Maritime Longroy 634
1%
76 - Seine-Maritime Longueil 543
1%
76 - Seine-Maritime Longuerue 338
1%
14 - Calvados Longvillers 361
1%
61 - Orne Lonrai 1 105
1%
14 - Calvados Loucelles 186
1%
61 - Orne Lougé-sur-Maire 314
1%
14 - Calvados Louvagny 60
1%
76 - Seine-Maritime Louvetot 760
1%
61 - Orne Louvières-en-Auge 93
1%
27 - Eure Louye 224
1%
76 - Seine-Maritime Lucy 191
1%
50 - Manche Magneville 312
1%
27 - Eure Mainneville 445
1%
14 - Calvados Maizet 368
1%
14 - Calvados Maizières 431
1%
76 - Seine-Maritime Malleville-les-Grès 205
1%
27 - Eure Malleville-sur-le-Bec 266
1%
27 - Eure Mandres 367
1%
76 - Seine-Maritime Manéglise 1 265
1%
76 - Seine-Maritime Manéhouville 224
1%
76 - Seine-Maritime Maniquerville 424
1%
76 - Seine-Maritime Mannevillette 909
1%
61 - Orne Mantilly 511
1%
14 - Calvados Manvieux 139
1%
27 - Eure Marais-Vernier 475
1%
27 - Eure Marbeuf 471
1%
50 - Manche Marchésieux 704
1%
50 - Manche Margueray 116
1%
76 - Seine-Maritime Marques 233
1%
76 - Seine-Maritime Martin-Église 1 605
1%
27 - Eure Martot 454
1%
76 - Seine-Maritime Massy 327
1%
76 - Seine-Maritime Mathonville 333
1%
76 - Seine-Maritime Maucomble 407
1%
76 - Seine-Maritime Maulévrier-Sainte-Gertrude 1 017
1%
76 - Seine-Maritime Mauny 159
1%
50 - Manche Maupertuis 148
1%
76 - Seine-Maritime Mauquenchy 359
1%
61 - Orne Mauves-sur-Huisne 526
1%
50 - Manche Méautis 648
1%
61 - Orne Médavy 151
1%
76 - Seine-Maritime Mélamare 921
1%
76 - Seine-Maritime Melleville 264
1%
76 - Seine-Maritime Ménerval 168
1%
27 - Eure Ménesqueville 465
1%
27 - Eure Menneval 1 525
1%
76 - Seine-Maritime Mentheville 296
1%
27 - Eure Mercey 53
1%
27 - Eure Merey 339
1%
61 - Orne Merri 152
1%
14 - Calvados Meslay 319
1%
76 - Seine-Maritime Mesnières-en-Bray 928
1%
76 - Seine-Maritime Mesnil-Mauger 244
1%
76 - Seine-Maritime Mesnil-Panneville 742
1%
76 - Seine-Maritime Mesnil-Raoul 1 126
1%
76 - Seine-Maritime Meulers 562
1%
27 - Eure Mézières-en-Vexin 595
1%
76 - Seine-Maritime Millebosc 237
1%
50 - Manche Millières 764
1%
76 - Seine-Maritime Mirville 351
1%
27 - Eure Miserey 634
1%
27 - Eure Moisville 229
1%
14 - Calvados Monceaux-en-Bessin 556
1%
76 - Seine-Maritime Monchaux-Soreng 622
1%
76 - Seine-Maritime Monchy-sur-Eu 578
1%
61 - Orne Moncy 261
1%
14 - Calvados Mondrainville 558
1%
14 - Calvados Monfréville 91
1%
50 - Manche Montabot 272
1%
50 - Manche Montbray 311
1%
76 - Seine-Maritime Mont-Cauvaire 851
1%
50 - Manche Montcuit 186
1%
76 - Seine-Maritime Montérolier 606
1%
14 - Calvados Montfiquet 90
1%
50 - Manche Monthuchon 699
1%
61 - Orne Montmerrei 543
1%
50 - Manche Montpinchon 534
1%
50 - Manche Montrabot 87
1%
76 - Seine-Maritime Montroty 271
1%
61 - Orne Montsecret-Clairefougère 646
1%
14 - Calvados Monts-en-Bessin 408
1%
50 - Manche Montsenelle 1 426
1%
50 - Manche Moon-sur-Elle 785
1%
50 - Manche Morigny 70
1%
27 - Eure Morsan 111
1%
76 - Seine-Maritime Mortemer 86
1%
14 - Calvados Mosles 351
1%
27 - Eure Mouettes 747
1%
76 - Seine-Maritime Moulineaux 922
1%
14 - Calvados Moulines 276
1%
50 - Manche Moulines 281
1%
76 - Seine-Maritime Muchedent 128
1%
27 - Eure Muids 876
1%
14 - Calvados Mutrécy 506
1%
27 - Eure Muzy 766
1%
27 - Eure Neaufles-Auvergny 419
1%
27 - Eure Neaufles-Saint-Martin 1 341
1%
61 - Orne Neauphe-sous-Essai 214
1%
61 - Orne Neauphe-sur-Dive 133
1%
61 - Orne Nécy 520
1%
76 - Seine-Maritime Nesle-Hodeng 348
1%
76 - Seine-Maritime Nesle-Normandeuse 503
1%
76 - Seine-Maritime Neufbosc 403
1%
76 - Seine-Maritime Neuf-Marché 664
1%
50 - Manche Neufmesnil 176
1%
61 - Orne Neuvy-au-Houlme 201
1%
50 - Manche Nicorps 369
1%
76 - Seine-Maritime Nointot 1 365
1%
76 - Seine-Maritime Nolléval 424
1%
14 - Calvados Norolles 342
1%
14 - Calvados Norrey-en-Auge 92
1%
50 - Manche Nouainville 633
1%
27 - Eure Noyers 248
1%
61 - Orne Occagnes 675
1%
76 - Seine-Maritime Ocqueville 453
1%
76 - Seine-Maritime Oherville 227
1%
14 - Calvados Olendon 182
1%
76 - Seine-Maritime Omonville 275
1%
61 - Orne Orgères 185
1%
50 - Manche Orglandes 353
1%
61 - Orne Origny-le-Roux 252
1%
27 - Eure Ormes 479
1%
76 - Seine-Maritime Osmoy-Saint-Valery 315
1%
76 - Seine-Maritime Ouainville 517
1%
14 - Calvados Ouézy 241
1%
14 - Calvados Ouffières 190
1%
50 - Manche Ozeville 155
1%
14 - Calvados Parfouru-sur-Odon 195
1%
27 - Eure Parville 291
1%
14 - Calvados Périgny 57
1%
14 - Calvados Perrières 337
1%
61 - Orne Perrou 350
1%
27 - Eure Perruel 463
1%
14 - Calvados Pertheville-Ners 238
1%
76 - Seine-Maritime Pierrecourt 479
1%
76 - Seine-Maritime Pierrefiques 134
1%
76 - Seine-Maritime Pierreval 541
1%
27 - Eure Pinterville 767
1%
27 - Eure Piseux 694
1%
61 - Orne Planches 182
1%
14 - Calvados Planquery 249
1%
27 - Eure Plasnes 724
1%
50 - Manche Poilley 958
1%
61 - Orne Pointel 309
1%
76 - Seine-Maritime Pommeréval 496
1%
27 - Eure Pont-Authou 589
1%
14 - Calvados Pont-Bellanger 67
1%
14 - Calvados Pontécoulant 70
1%
27 - Eure Pont-Saint-Pierre 1 137
1%
76 - Seine-Maritime Ponts-et-Marais 819
1%
27 - Eure Porte-de-Seine 207
1%
27 - Eure Portes 271
1%
27 - Eure Port-Mort 903
1%
27 - Eure Pressagny-l'Orgueilleux 696
1%
76 - Seine-Maritime Prétot-Vicquemare 234
1%
14 - Calvados Prêtreville 388
1%
27 - Eure Prey 968
1%
27 - Eure Puchay 640
1%
76 - Seine-Maritime Puisenval 23
1%
27 - Eure Pullay 401
1%
27 - Eure Quatremare 437
1%
14 - Calvados Quetteville 399
1%
76 - Seine-Maritime Quevillon 593
1%
50 - Manche Quibou 846
1%
76 - Seine-Maritime Quièvrecourt 411
1%
27 - Eure Quittebeuf 650
1%
27 - Eure Radepont 655
1%
76 - Seine-Maritime Raffetot 499
1%
50 - Manche Raids 200
1%
50 - Manche Rampan 218
1%
14 - Calvados Ranchy 269
1%
14 - Calvados Rapilly 49
1%
50 - Manche Rauville-la-Bigot 1 099
1%
50 - Manche Rauville-la-Place 377
1%
76 - Seine-Maritime Réalcamp 595
1%
50 - Manche Reffuveille 524
1%
50 - Manche Remilly Les Marais 1 058
1%
27 - Eure Renneville 191
1%
14 - Calvados Repentigny 100
1%
27 - Eure Reuilly 519
1%
76 - Seine-Maritime Reuville 140
1%
14 - Calvados Reux 396
1%
76 - Seine-Maritime Ricarville-du-Val 185
1%
76 - Seine-Maritime Richemont 438
1%
76 - Seine-Maritime Rieux 605
1%
76 - Seine-Maritime Riville 301
1%
50 - Manche Rocheville 595
1%
76 - Seine-Maritime Rocquefort 323
1%
14 - Calvados Rocques 287
1%
50 - Manche Roncey 784
1%
76 - Seine-Maritime Roncherolles-en-Bray 462
1%
76 - Seine-Maritime Roncherolles-sur-le-Vivier 1 212
1%
76 - Seine-Maritime Rosay 268
1%
27 - Eure Rosay-sur-Lieure 510
1%
27 - Eure Rougemontiers 1 038
1%
61 - Orne Rouperroux 183
1%
76 - Seine-Maritime Routes 280
1%
76 - Seine-Maritime Royville 308
1%
14 - Calvados Rubercy 152
1%
14 - Calvados Rumesnil 90
1%
50 - Manche Sacey 515
1%
27 - Eure Sacquenville 1 261
1%
76 - Seine-Maritime Sainneville 852
1%
61 - Orne Saint-Agnan-sur-Sarthe 88
1%
27 - Eure Saint-Antonin-de-Sommaire 206
1%
61 - Orne Saint-Bômer-les-Forges 1 024
1%
76 - Seine-Maritime Saint-Crespin 313
1%
76 - Seine-Maritime Sainte-Austreberthe 654
1%
76 - Seine-Maritime Sainte-Beuve-en-Rivière 175
1%
27 - Eure Saint-Élier 427
1%
61 - Orne Saint-Ellier-les-Bois 259
1%
61 - Orne Sainte-Scolasse-sur-Sarthe 582
1%
61 - Orne Saint-Evroult-de-Montfort 348
1%
61 - Orne Saint-Evroult-Notre-Dame-du-Bois 440
1%
50 - Manche Saint-Floxel 492
1%
61 - Orne Saint-Fraimbault 540
1%
50 - Manche Saint-Fromond 753
1%
76 - Seine-Maritime Saint-Hellier 504
1%
61 - Orne Saint-Langis-lès-Mortagne 872
1%
14 - Calvados Saint-Louet-sur-Seulles 141
1%
50 - Manche Saint-Louet-sur-Vire 208
1%
76 - Seine-Maritime Saint-Mards 177
1%
27 - Eure Saint-Mards-de-Blacarville 831
1%
27 - Eure Saint-Mards-de-Fresne 334
1%
50 - Manche Saint-Ovin 764
1%
76 - Seine-Maritime Saint-Paër 1 307
1%
76 - Seine-Maritime Saint-Riquier-en-Rivière 145
1%
76 - Seine-Maritime Saint-Riquier-ès-Plains 614
1%
61 - Orne Saint-Roch-sur-Égrenne 158
1%
76 - Seine-Maritime Saint-Saire 579
1%
61 - Orne Saires-la-Verrerie 300
1%
14 - Calvados Saonnet 323
1%
61 - Orne Sarceaux 1 049
1%
76 - Seine-Maritime Sasseville 280
1%
27 - Eure Sassey 194
1%
76 - Seine-Maritime Sauchay 438
1%
76 - Seine-Maritime Sauqueville 342
1%
50 - Manche Saussemesnil 897
1%
76 - Seine-Maritime Sausseuzemare-en-Caux 429
1%
50 - Manche Savigny-le-Vieux 406
1%
27 - Eure Sébécourt 465
1%
50 - Manche Sébeville 34
1%
27 - Eure Selles 468
1%
61 - Orne Semallé 348
1%
50 - Manche Sénoville 190
1%
76 - Seine-Maritime Sept-Meules 171
1%
27 - Eure Serez 172
1%
76 - Seine-Maritime Servaville-Salmonville 1 131
1%
50 - Manche Servon 263
1%
61 - Orne Sévigny 310
1%
50 - Manche Sideville 824
1%
76 - Seine-Maritime Sierville 1 111
1%
76 - Seine-Maritime Sigy-en-Bray 494
1%
76 - Seine-Maritime Smermesnil 368
1%
14 - Calvados Soignolles 124
1%
61 - Orne Soligny-la-Trappe 638
1%
76 - Seine-Maritime Sommery 837
1%
14 - Calvados Soulangy 252
1%
14 - Calvados Soumont-Saint-Quentin 588
1%
50 - Manche Subligny 387
1%
61 - Orne Suré 276
1%
14 - Calvados Surrain 147
1%
27 - Eure Surtauville 491
1%
27 - Eure Sylvains-Lès-Moulins 1 299
1%
50 - Manche Taillepied 15
1%
50 - Manche Tamerville 690
1%
50 - Manche Tanis 278
1%
61 - Orne Tanville 230
1%
14 - Calvados Tessel 249
1%
50 - Manche Teurthéville-Bocage 591
1%
50 - Manche Teurthéville-Hague 1 032
1%
27 - Eure Thénouville 1 008
1%
76 - Seine-Maritime Theuville-aux-Maillots 535
1%
50 - Manche Théville 320
1%
27 - Eure Thibouville 321
1%
27 - Eure Thierville 371
1%
76 - Seine-Maritime Thiétreville 369
1%
61 - Orne Ticheville 189
1%
27 - Eure Tillières-sur-Avre 1 059
1%
50 - Manche Tirepied-sur-Sée 953
1%
61 - Orne Torchamp 301
1%
61 - Orne Tournai-sur-Dive 297
1%
27 - Eure Tournedos-Bois-Hubert 464
1%
14 - Calvados Tournières 149
1%
76 - Seine-Maritime Toussaint 699
1%
27 - Eure Toutainville 1 294
1%
14 - Calvados Tréprel 103
1%
50 - Manche Tribehou 514
1%
14 - Calvados Trungy 211
1%
50 - Manche Turqueville 124
1%
76 - Seine-Maritime Turretot 1 505
1%
14 - Calvados Vacognes-Neuilly 659
1%
27 - Eure Valailles 392
1%
50 - Manche Valcanville 393
1%
76 - Seine-Maritime Val-de-la-Haye 718
1%
27 - Eure Valletot 431
1%
14 - Calvados Valsemé 267
1%
27 - Eure Vandrimare 966
1%
50 - Manche Varouville 227
1%
27 - Eure Vascœuil 355
1%
76 - Seine-Maritime Vattetot-sous-Beaumont 578
1%
76 - Seine-Maritime Vattetot-sur-Mer 323
1%
76 - Seine-Maritime Veauville-lès-Quelles 131
1%
14 - Calvados Vendes 332
1%
14 - Calvados Vendeuvre 807
1%
27 - Eure Venon 405
1%
76 - Seine-Maritime Ventes-Saint-Rémy 224
1%
76 - Seine-Maritime Vergetot 445
1%
50 - Manche Vernix 155
1%
61 - Orne Verrières 419
1%
14 - Calvados Versainville 498
1%
27 - Eure Vesly 639
1%
50 - Manche Vesly 737
1%
27 - Eure Vézillon 231
1%
76 - Seine-Maritime Vibeuf 607
1%
50 - Manche Videcosville 89
1%
14 - Calvados Vieux-Bourg 76
1%
76 - Seine-Maritime Vieux-Manoir 767
1%
61 - Orne Vieux-Pont 199
1%
27 - Eure Vieux-Port 48
1%
76 - Seine-Maritime Vieux-Rouen-sur-Bresle 563
1%
14 - Calvados Vignats 292
1%
76 - Seine-Maritime Villainville 282
1%
50 - Manche Villebaudon 322
1%
27 - Eure Villez-sous-Bailleul 319
1%
27 - Eure Villez-sur-le-Neubourg 265
1%
14 - Calvados Villons-les-Buissons 796
1%
27 - Eure Vironvay 329
1%
76 - Seine-Maritime Virville 348
1%
27 - Eure Vitot 564
1%
76 - Seine-Maritime Vittefleur 654
1%
27 - Eure Vraiville 727
1%
76 - Seine-Maritime Wanchy-Capval 335
1%
76 - Seine-Maritime Yébleron 1 274
1%
76 - Seine-Maritime Yquebeuf 240
1%
76 - Seine-Maritime Yvecrique 636
1%
50 - Manche Yvetot-Bocage 1 186
1%
76 - Seine-Maritime Yville-sur-Seine 437
1%
61 - Orne Auguaise 204
0%
61 - Orne Avernes-Saint-Gourgon 66
0%
27 - Eure Bazoques 143
0%
61 - Orne Beaufai 327
0%
61 - Orne Belfonds 202
0%
61 - Orne Bellavilliers 127
0%
50 - Manche Beuzeville-la-Bastille 146
0%
61 - Orne Boëcé 124
0%
61 - Orne Boissei-la-Lande 115
0%
27 - Eure Boissy-Lamberville 367
0%
61 - Orne Boitron 347
0%
61 - Orne Bonsmoulins 232
0%
61 - Orne Brethel 146
0%
61 - Orne Brieux 90
0%
61 - Orne Brullemail 92
0%
27 - Eure Burey 405
0%
61 - Orne Bursard 202
0%
27 - Eure Caillouet-Orgeville 487
0%
50 - Manche Canville-la-Rocque 121
0%
27 - Eure Cauverville-en-Roumois 213
0%
61 - Orne Chahains 84
0%
27 - Eure Chaise-Dieu-du-Theil 199
0%
61 - Orne Champcerie 176
0%
27 - Eure Champ-Dolent 63
0%
61 - Orne Champ-Haut 43
0%
61 - Orne Champosoult 99
0%
61 - Orne Chemilli 176
0%
27 - Eure Chéronvilliers 467
0%
61 - Orne Cisai-Saint-Aubin 179
0%
27 - Eure Collandres-Quincarnon 242
0%
27 - Eure Colletot 198
0%
61 - Orne Comblot 64
0%
61 - Orne Commeaux 151
0%
61 - Orne Coudehard 77
0%
61 - Orne Coulimer 298
0%
61 - Orne Coulmer 82
0%
61 - Orne Courgeon 356
0%
61 - Orne Courgeoût 463
0%
27 - Eure Écauville 110
0%
61 - Orne Écorcei 385
0%
61 - Orne Écorches 101
0%
61 - Orne Feings 187
0%
27 - Eure Fontaine-Bellenger 1 161
0%
27 - Eure Fontaine-l'Abbé 553
0%
27 - Eure Fontaine-la-Louvet 328
0%
27 - Eure Foucrainville 91
0%
27 - Eure Fouqueville 442
0%
27 - Eure Fresne-Cauverville 193
0%
61 - Orne Gâprée 144
0%
27 - Eure Gaudreville-la-Rivière 222
0%
61 - Orne Ginai 71
0%
27 - Eure Graveron-Sémerville 319
0%
61 - Orne Guêprei 139
0%
61 - Orne Guerquesalles 133
0%
27 - Eure Guiseniers 473
0%
61 - Orne Habloville 332
0%
50 - Manche Hautteville-Bocage 156
0%
27 - Eure Hecmanville 194
0%
27 - Eure Heubécourt-Haricourt 456
0%
27 - Eure Honguemare-Guenouville 707
0%
27 - Eure Houetteville 198
0%
76 - Seine-Maritime Houquetot 335
0%
76 - Seine-Maritime La Fontelaye 27
0%
61 - Orne La Gonfrière 275
0%
27 - Eure La Goulafrière 170
0%
76 - Seine-Maritime La Hallotière 218
0%
27 - Eure La Harengère 618
0%
50 - Manche La Haye-Bellefond 71
0%
61 - Orne La Motte-Fouquet 161
0%
27 - Eure La Neuve-Grange 358
0%
27 - Eure La Noë-Poulain 274
0%
27 - Eure La Pyle 168
0%
61 - Orne La Roche-Mabile 161
0%
27 - Eure Launay 193
0%
61 - Orne La Ventrouze 123
0%
61 - Orne Le Bosc-Renoult 256
0%
61 - Orne Le Chalange 84
0%
61 - Orne Le Champ-de-la-Pierre 30
0%
61 - Orne Le Château-d'Almenêches 190
0%
27 - Eure Le Cormier 373
0%
61 - Orne Le Ménil-Bérard 69
0%
61 - Orne Le Ménil-Broût 175
0%
61 - Orne Le Ménil-Ciboult 109
0%
61 - Orne Le Ménil-de-Briouze 534
0%
61 - Orne Le Ménil-Guyon 81
0%
61 - Orne Le Ménil-Scelleur 82
0%
61 - Orne Le Ménil-Vicomte 25
0%
76 - Seine-Maritime Le Mesnil-Durdent 17
0%
27 - Eure Le Mesnil-Fuguet 180
0%
27 - Eure Le Mesnil-Jourdain 236
0%
76 - Seine-Maritime Le Mesnil-Lieubray 96
0%
50 - Manche Le Mesnil-Véneron 109
0%
61 - Orne Le Pas-Saint-l'Homer 126
0%
27 - Eure Le Planquay 166
0%
61 - Orne Le Plantis 128
0%
27 - Eure Le Plessis-Grohan 919
0%
27 - Eure Le Plessis-Hébert 399
0%
27 - Eure Le Plessis-Sainte-Opportune 341
0%
61 - Orne Le Renouard 203
0%
27 - Eure Les Bottereaux 344
0%
61 - Orne Les Genettes 173
0%
27 - Eure Les Places 71
0%
76 - Seine-Maritime Lestanville 95
0%
61 - Orne Les Yveteaux 102
0%
27 - Eure Le Theil-Nolent 243
0%
27 - Eure Le Torpt 443
0%
27 - Eure Le Troncq 169
0%
27 - Eure Letteguives 207
0%
61 - Orne L'Hôme-Chamondot 255
0%
27 - Eure L'Hosmes 67
0%
61 - Orne Lignères 29
0%
61 - Orne Loisail 131
0%
76 - Seine-Maritime Longmesnil 48
0%
27 - Eure Lorleau 105
0%
27 - Eure Louversey 522
0%
61 - Orne Mahéru 272
0%
27 - Eure Malouy 164
0%
61 - Orne Marchemaisons 153
0%
61 - Orne Mardilly 135
0%
27 - Eure Martagny 146
0%
61 - Orne Méhoudin 120
0%
27 - Eure Mélicourt 89
0%
61 - Orne Ménil-Erreux 198
0%
61 - Orne Ménil-Froger 59
0%
61 - Orne Ménil-Gondouin 160
0%
61 - Orne Ménil-Hermei 202
0%
61 - Orne Ménil-Hubert-en-Exmes 114
0%
61 - Orne Ménil-Hubert-sur-Orne 483
0%
61 - Orne Ménil-Vin 50
0%
76 - Seine-Maritime Ménonval 231
0%
76 - Seine-Maritime Mésangueville 159
0%
76 - Seine-Maritime Mesnil-Follemprise 118
0%
27 - Eure Mesnil-Rousset 88
0%
27 - Eure Mesnil-sous-Vienne 99
0%
27 - Eure Mesnil-sur-l'Estrée 912
0%
27 - Eure Mesnil-Verclives 332
0%
61 - Orne Mieuxcé 613
0%
76 - Seine-Maritime Molagnies 207
0%
61 - Orne Montabard 282
0%
50 - Manche Montaigu-la-Brisette 496
0%
61 - Orne Montchevrel 223
0%
61 - Orne Montgaudry 89
0%
61 - Orne Mont-Ormel 47
0%
27 - Eure Morainville-Jouveaux 368
0%
76 - Seine-Maritime Morienne 189
0%
27 - Eure Mouflaines 164
0%
27 - Eure Mousseaux-Neuville 634
0%
50 - Manche Muneville-le-Bingard 722
0%
27 - Eure Nagel-Séez-Mesnil 329
0%
27 - Eure Noards 54
0%
27 - Eure Nojeon-en-Vexin 341
0%
27 - Eure Notre-Dame-de-l'Isle 653
0%
27 - Eure Notre-Dame-d'Épine 71
0%
27 - Eure Notre-Dame-du-Hamel 194
0%
76 - Seine-Maritime Nullemont 138
0%
61 - Orne Ommoy 111
0%
76 - Seine-Maritime Parc-d'Anxtot 587
0%
61 - Orne Parfondeval 107
0%
61 - Orne Pervenchères 341
0%
27 - Eure Piencourt 166
0%
27 - Eure Plainville 205
0%
76 - Seine-Maritime Pleine-Sève 127
0%
76 - Seine-Maritime Pommereux 98
0%
61 - Orne Pontchardon 176
0%
61 - Orne Pouvrai 102
0%
76 - Seine-Maritime Preuseville 158
0%
76 - Seine-Maritime Rainfreville 75
0%
76 - Seine-Maritime Rebets 147
0%
50 - Manche Reigneville-Bocage 42
0%
61 - Orne Résenlieu 177
0%
76 - Seine-Maritime Rétonval 179
0%
61 - Orne Réveillon 363
0%
27 - Eure Richeville 267
0%
76 - Seine-Maritime Robertot 223
0%
76 - Seine-Maritime Rocquemont 784
0%
61 - Orne Roiville 134
0%
61 - Orne Rônai 179
0%
76 - Seine-Maritime Ronchois 183
0%
27 - Eure Rouge-Perriers 365
0%
76 - Seine-Maritime Saâne-Saint-Just 139
0%
61 - Orne Saint-Aquilin-de-Corbion 55
0%
61 - Orne Sainte-Céronne-lès-Mortagne 247
0%
61 - Orne Saint-Fulgent-des-Ormes 168
0%
27 - Eure Saint-Meslin-du-Bosc 299
0%
27 - Eure Sancourt 173
0%
76 - Seine-Maritime Saumont-la-Poterie 411
0%
61 - Orne Sevrai 279
0%
76 - Seine-Maritime Sommesnil 113
0%
76 - Seine-Maritime Sorquainville 185
0%
27 - Eure Suzay 354
0%
61 - Orne Tanques 157
0%
61 - Orne Tellières-le-Plessis 78
0%
61 - Orne Tessé-Froulay 378
0%
76 - Seine-Maritime Thérouldeville 666
0%
76 - Seine-Maritime Thiergeville 399
0%
76 - Seine-Maritime Thiouville 285
0%
61 - Orne Touquettes 80
0%
76 - Seine-Maritime Trémauville 103
0%
61 - Orne Trémont 120
0%
27 - Eure Triqueville 336
0%
27 - Eure Vannecrocq 163
0%
50 - Manche Varenguebec 336
0%
76 - Seine-Maritime Varneville-Bretteville 327
0%
76 - Seine-Maritime Vassonville 429
0%
76 - Seine-Maritime Vatierville 131
0%
50 - Manche Vaudreville 66
0%
61 - Orne Vaunoise 97
0%
76 - Seine-Maritime Vénestanville 209
0%
27 - Eure Verneusses 189
0%
14 - Calvados Vicques 73
0%
61 - Orne Vidai 82
0%
27 - Eure Villegats 350
0%
27 - Eure Villettes 164
0%
50 - Manche Villiers-Fossard 648
0%
76 - Seine-Maritime Vinnemerville 228
0%
61 - Orne Vitrai-sous-Laigle 219
0%
27 - Eure Voiscreville 118
0%
Aucun quiz correspondant
Distribution des résultats
% des personnes avec chaque résultat
Percentile par nombre de réponses
Votre historique - résultats
Vous n’avez pas pris ce quiz depuis la dernière actualisation